{"text_format":"3","workbook":"xlsx","n_sheets":17,"sheets":["单位财务收支预算总表01-1","单位收入预算表01-2","单位支出预算表01-3","单位财政拨款收支预算总表02-1","一般公共预算支出预算表02-2","一般公共预算“三公”经费支出预算表03","单位基本支出预算表04","单位项目支出预算表05-1","单位项目支出绩效目标表05-2","单位政府性基金预算支出预算表06","单位政府采购预算表07","单位政府购买服务预算表08","省对下转移支付预算表09-1","省对下转移支付绩效目标表09-2","新增资产配置表10","中央转移支付补助项目支出预算表11","单位项目中期规划预算表12"],"not_rendered":{"defined_names":1},"read":"whole","date_system":"1900"}

{"sheet":"单位财务收支预算总表01-1","index":0,"n_rows":21,"n_cols":4,"rows_kept":21,"merged":[[1,0,1,3],[2,0,2,1],[3,0,3,1],[3,2,3,3],[4,0,5,0],[4,1,5,1],[4,2,5,2],[4,3,5,3]]}
[{"$nulls":3},"预算01-1表"]
["2025年单位财务收支预算总表"]
[{"$f":"\"单位名称：\"&\"云南省呈贡体育训练基地\"","v":"单位名称：云南省呈贡体育训练基地"},null,null,"单位:元"]
["收        入",null,"支        出"]
["项      目","预算数","项目（按功能分类）","预算数"]
[]
["一、一般公共预算拨款收入",{"v":113701432.8,"d":"113,701,432.80"},{"$f":"\"一\"&\"、\"&\"文化旅游体育与传媒支出\"","v":"一、文化旅游体育与传媒支出"},{"v":98335242.78,"d":"98,335,242.78"}]
["二、政府性基金预算拨款收入",{"v":37753700,"d":"37,753,700.00"},{"$f":"\"二\"&\"、\"&\"社会保障和就业支出\"","v":"二、社会保障和就业支出"},{"v":6172909.46,"d":"6,172,909.46"}]
["三、国有资本经营预算拨款收入",null,{"$f":"\"三\"&\"、\"&\"卫生健康支出\"","v":"三、卫生健康支出"},{"v":6278295.75,"d":"6,278,295.75"}]
["四、财政专户管理资金收入",null,{"$f":"\"四\"&\"、\"&\"住房保障支出\"","v":"四、住房保障支出"},{"v":3895970.81,"d":"3,895,970.81"}]
["五、单位资金",null,{"$f":"\"五\"&\"、\"&\"其他支出\"","v":"五、其他支出"},{"v":39462402.18,"d":"39,462,402.18"}]
["1、事业收入"]
["2、事业单位经营收入"]
["3、上级补助收入"]
["4、附属单位上缴收入"]
["5、其他收入"]
["本年收入合计",{"v":151455132.8,"d":"151,455,132.80"},"本年支出合计",{"v":154144820.98,"d":"154,144,820.98"}]
["上年结转结余",{"v":2689688.18,"d":"2,689,688.18"},"年终结转结余"]
["1、财政拨款结转结余",{"v":2689688.18,"d":"2,689,688.18"},"1、财政拨款结转结余"]
["2、使用非财政拨款结余",null,"2、非财政拨款结余"]
["收  入  总  计",{"v":154144820.98,"d":"154,144,820.98"},"支 出 总 计",{"v":154144820.98,"d":"154,144,820.98"}]

{"sheet":"单位收入预算表01-2","index":1,"n_rows":9,"n_cols":19,"rows_kept":9,"merged":[[0,17,0,18],[1,0,1,18],[2,0,2,3],[2,17,2,18],[3,0,5,0],[3,1,5,1],[3,2,5,2],[3,3,3,13],[3,14,3,18],[4,3,5,3],[4,4,5,4],[4,5,5,5],[4,6,5,6],[4,7,5,7],[4,8,4,13],[4,14,5,14],[4,15,5,15],[4,16,5,16],[4,17,5,17],[4,18,5,18]]}
[{"$nulls":17},"预算01-2表"]
["2025年单位收入预算表"]
[{"$f":"\"单位名称：\"&\"云南省呈贡体育训练基地\"","v":"单位名称：云南省呈贡体育训练基地"},{"$nulls":16},"单位:元","单位:元"]
["部门（单位）代码","部门（单位）名称","合计","本年收入",{"$nulls":10},"上年结转结余"]
[{"$nulls":3},"小计","一般公共预算","政府性基金预算","国有资本经营预算","财政专户管理资金","单位资金收入",null,"事业单位经营收入","上级补助收入","附属单位上缴收入","其他收入","小计","一般公共预算","政府性基金预算","国有资本经营预算","使用非财政拨款结余"]
[{"$nulls":8},"小计","事业收入","事业单位经营收入","上级补助收入","附属单位上缴收入","其他收入"]
[1,2,3,4,5,6,7,8,9,10,11,12,13,14,15,16,17,18,19]
["109006","云南省呈贡体育训练基地",{"v":154144820.98,"d":"154,144,820.98"},{"v":151455132.8,"d":"151,455,132.80"},{"v":113701432.8,"d":"113,701,432.80"},{"v":37753700,"d":"37,753,700.00"},{"$nulls":8},{"v":2689688.18,"d":"2,689,688.18"},{"v":980986,"d":"980,986.00"},{"v":1708702.18,"d":"1,708,702.18"}]
["合计",null,{"v":154144820.98,"d":"154,144,820.98"},{"v":151455132.8,"d":"151,455,132.80"},{"v":113701432.8,"d":"113,701,432.80"},{"v":37753700,"d":"37,753,700.00"},{"$nulls":8},{"v":2689688.18,"d":"2,689,688.18"},{"v":980986,"d":"980,986.00"},{"v":1708702.18,"d":"1,708,702.18"}]

{"sheet":"单位支出预算表01-3","index":2,"n_rows":28,"n_cols":15,"rows_kept":28,"merged":[[1,0,1,14],[2,0,2,11],[3,0,4,0],[3,1,4,1],[3,2,4,2],[3,3,3,5],[3,6,4,6],[3,7,4,7],[3,8,4,8],[3,9,3,14],[27,0,27,1]]}
[{"$nulls":14},"预算01-3表"]
["2025年单位支出预算表"]
[{"$f":"\"单位名称：\"&\"云南省呈贡体育训练基地\"","v":"单位名称：云南省呈贡体育训练基地"},{"$nulls":13},"单位:元"]
["科目编码","科目名称","合计","一般公共预算",null,null,"政府性基金预算","国有资本经营预算","财政专户管理的支出","单位资金","事业支出","事业单位\n经营支出","上级补助支出","附属单位补助支出","其他支出"]
[{"$nulls":3},"小计","基本支出","项目支出",{"$nulls":3},"小计","事业支出","事业单位\n经营支出","上级补助支出","附属单位补助支出","其他支出"]
[1,2,3,4,5,6,7,8,9,10,11,12,13,14,15]
["207","文化旅游体育与传媒支出",{"v":98335242.78,"d":"98,335,242.78"},{"v":98335242.78,"d":"98,335,242.78"},{"v":80170737.78,"d":"80,170,737.78"},{"v":18164505,"d":"18,164,505.00"}]
["20703","体育",{"v":98335242.78,"d":"98,335,242.78"},{"v":98335242.78,"d":"98,335,242.78"},{"v":80170737.78,"d":"80,170,737.78"},{"v":18164505,"d":"18,164,505.00"}]
["2070306","体育训练",{"v":98335242.78,"d":"98,335,242.78"},{"v":98335242.78,"d":"98,335,242.78"},{"v":80170737.78,"d":"80,170,737.78"},{"v":18164505,"d":"18,164,505.00"}]
["208","社会保障和就业支出",{"v":6172909.46,"d":"6,172,909.46"},{"v":6172909.46,"d":"6,172,909.46"},{"v":6172909.46,"d":"6,172,909.46"}]
["20805","行政事业单位养老支出",{"v":5890373.76,"d":"5,890,373.76"},{"v":5890373.76,"d":"5,890,373.76"},{"v":5890373.76,"d":"5,890,373.76"}]
["2080502","事业单位离退休",{"v":49500,"d":"49,500.00"},{"v":49500,"d":"49,500.00"},{"v":49500,"d":"49,500.00"}]
["2080505","机关事业单位基本养老保险缴费支出",{"v":5840873.76,"d":"5,840,873.76"},{"v":5840873.76,"d":"5,840,873.76"},{"v":5840873.76,"d":"5,840,873.76"}]
["20899","其他社会保障和就业支出",{"v":282535.7,"d":"282,535.70"},{"v":282535.7,"d":"282,535.70"},{"v":282535.7,"d":"282,535.70"}]
["2089999","其他社会保障和就业支出",{"v":282535.7,"d":"282,535.70"},{"v":282535.7,"d":"282,535.70"},{"v":282535.7,"d":"282,535.70"}]
["210","卫生健康支出",{"v":6278295.75,"d":"6,278,295.75"},{"v":6278295.75,"d":"6,278,295.75"},{"v":6278295.75,"d":"6,278,295.75"}]
["21011","行政事业单位医疗",{"v":6278295.75,"d":"6,278,295.75"},{"v":6278295.75,"d":"6,278,295.75"},{"v":6278295.75,"d":"6,278,295.75"}]
["2101102","事业单位医疗",{"v":4054989.79,"d":"4,054,989.79"},{"v":4054989.79,"d":"4,054,989.79"},{"v":4054989.79,"d":"4,054,989.79"}]
["2101103","公务员医疗补助",{"v":2060285.96,"d":"2,060,285.96"},{"v":2060285.96,"d":"2,060,285.96"},{"v":2060285.96,"d":"2,060,285.96"}]
["2101199","其他行政事业单位医疗支出",{"v":163020,"d":"163,020.00"},{"v":163020,"d":"163,020.00"},{"v":163020,"d":"163,020.00"}]
["221","住房保障支出",{"v":3895970.81,"d":"3,895,970.81"},{"v":3895970.81,"d":"3,895,970.81"},{"v":3895970.81,"d":"3,895,970.81"}]
["22102","住房改革支出",{"v":3895970.81,"d":"3,895,970.81"},{"v":3895970.81,"d":"3,895,970.81"},{"v":3895970.81,"d":"3,895,970.81"}]
["2210201","住房公积金",{"v":3895970.81,"d":"3,895,970.81"},{"v":3895970.81,"d":"3,895,970.81"},{"v":3895970.81,"d":"3,895,970.81"}]
["229","其他支出",{"v":39462402.18,"d":"39,462,402.18"},{"$nulls":3},{"v":39462402.18,"d":"39,462,402.18"}]
["22960","彩票公益金安排的支出",{"v":39462402.18,"d":"39,462,402.18"},{"$nulls":3},{"v":39462402.18,"d":"39,462,402.18"}]
["2296003","用于体育事业的彩票公益金支出",{"v":38552402.18,"d":"38,552,402.18"},{"$nulls":3},{"v":38552402.18,"d":"38,552,402.18"}]
["2296006","用于残疾人事业的彩票公益金支出",{"v":910000,"d":"910,000.00"},{"$nulls":3},{"v":910000,"d":"910,000.00"}]
["合  计","合  计",{"v":154144820.98,"d":"154,144,820.98"},{"v":114682418.8,"d":"114,682,418.80"},{"v":96517913.8,"d":"96,517,913.80"},{"v":18164505,"d":"18,164,505.00"},{"v":39462402.18,"d":"39,462,402.18"}]

{"sheet":"单位财政拨款收支预算总表02-1","index":3,"n_rows":16,"n_cols":4,"rows_kept":16,"merged":[[1,0,1,3],[2,0,2,1],[3,0,3,1],[3,2,3,3],[4,0,5,0],[4,1,5,1],[4,2,5,2],[4,3,5,3]]}
[{"$nulls":3},"预算02-1表"]
["2025年单位财政拨款收支预算总表"]
[{"$f":"\"单位名称：\"&\"云南省呈贡体育训练基地\"","v":"单位名称：云南省呈贡体育训练基地"},null,null,"单位:元"]
["收        入",null,"支        出"]
["项      目","预算数","支出功能分类科目","预算数"]
[]
["一、本年收入",{"v":151455132.8,"d":"151,455,132.80"},"一、本年支出",{"v":154144820.98,"d":"154,144,820.98"}]
["（一）一般公共预算拨款",{"v":113701432.8,"d":"113,701,432.80"},{"$f":"\"（一）\"&\"文化旅游体育与传媒支出\"","v":"（一）文化旅游体育与传媒支出"},{"v":98335242.78,"d":"98,335,242.78"}]
["（二）政府性基金预算拨款",{"v":37753700,"d":"37,753,700.00"},{"$f":"\"（二）\"&\"社会保障和就业支出\"","v":"（二）社会保障和就业支出"},{"v":6172909.46,"d":"6,172,909.46"}]
["（三）国有资本经营预算拨款",null,{"$f":"\"（三）\"&\"卫生健康支出\"","v":"（三）卫生健康支出"},{"v":6278295.75,"d":"6,278,295.75"}]
["二、上年结转",{"v":2689688.18,"d":"2,689,688.18"},{"$f":"\"（四）\"&\"住房保障支出\"","v":"（四）住房保障支出"},{"v":3895970.81,"d":"3,895,970.81"}]
["（一）一般公共预算拨款",{"v":980986,"d":"980,986.00"},{"$f":"\"（五）\"&\"其他支出\"","v":"（五）其他支出"},{"v":39462402.18,"d":"39,462,402.18"}]
["（二）政府性基金预算拨款",{"v":1708702.18,"d":"1,708,702.18"}]
["（三）国有资本经营预算拨款"]
[null,null,"二、年终结转结余"]
["收 入 总 计",{"v":154144820.98,"d":"154,144,820.98"},"支 出 总 计",{"v":154144820.98,"d":"154,144,820.98"}]

{"sheet":"一般公共预算支出预算表02-2","index":4,"n_rows":24,"n_cols":7,"rows_kept":24,"merged":[[1,0,1,6],[2,0,2,4],[3,0,3,1],[3,2,4,2],[3,3,3,5],[3,6,4,6],[23,0,23,1]]}
[{"$nulls":6},"预算02-2表"]
["2025年一般公共预算支出预算表（按功能科目分类）"]
[{"$f":"\"单位名称：\"&\"云南省呈贡体育训练基地\"","v":"单位名称：云南省呈贡体育训练基地"},{"$nulls":5},"单位:元"]
["部门预算支出功能分类科目",null,"合计","基本支出",null,null,"项目支出"]
["科目编码","科目名称",null,"小计","人员经费","公用经费"]
["1","2","3",null,"4","5","6"]
["207","文化旅游体育与传媒支出",{"v":97354256.78,"d":"97,354,256.78"},{"v":80170737.78,"d":"80,170,737.78"},{"v":76124187,"d":"76,124,187.00"},{"v":4046550.78,"d":"4,046,550.78"},{"v":17183519,"d":"17,183,519.00"}]
["20703","体育",{"v":97354256.78,"d":"97,354,256.78"},{"v":80170737.78,"d":"80,170,737.78"},{"v":76124187,"d":"76,124,187.00"},{"v":4046550.78,"d":"4,046,550.78"},{"v":17183519,"d":"17,183,519.00"}]
["2070306","体育训练",{"v":97354256.78,"d":"97,354,256.78"},{"v":80170737.78,"d":"80,170,737.78"},{"v":76124187,"d":"76,124,187.00"},{"v":4046550.78,"d":"4,046,550.78"},{"v":17183519,"d":"17,183,519.00"}]
["208","社会保障和就业支出",{"v":6172909.46,"d":"6,172,909.46"},{"v":6172909.46,"d":"6,172,909.46"},{"v":6123409.46,"d":"6,123,409.46"},{"v":49500,"d":"49,500.00"}]
["20805","行政事业单位养老支出",{"v":5890373.76,"d":"5,890,373.76"},{"v":5890373.76,"d":"5,890,373.76"},{"v":5840873.76,"d":"5,840,873.76"},{"v":49500,"d":"49,500.00"}]
["2080502","事业单位离退休",{"v":49500,"d":"49,500.00"},{"v":49500,"d":"49,500.00"},null,{"v":49500,"d":"49,500.00"}]
["2080505","机关事业单位基本养老保险缴费支出",{"v":5840873.76,"d":"5,840,873.76"},{"v":5840873.76,"d":"5,840,873.76"},{"v":5840873.76,"d":"5,840,873.76"}]
["20899","其他社会保障和就业支出",{"v":282535.7,"d":"282,535.70"},{"v":282535.7,"d":"282,535.70"},{"v":282535.7,"d":"282,535.70"}]
["2089999","其他社会保障和就业支出",{"v":282535.7,"d":"282,535.70"},{"v":282535.7,"d":"282,535.70"},{"v":282535.7,"d":"282,535.70"}]
["210","卫生健康支出",{"v":6278295.75,"d":"6,278,295.75"},{"v":6278295.75,"d":"6,278,295.75"},{"v":6278295.75,"d":"6,278,295.75"}]
["21011","行政事业单位医疗",{"v":6278295.75,"d":"6,278,295.75"},{"v":6278295.75,"d":"6,278,295.75"},{"v":6278295.75,"d":"6,278,295.75"}]
["2101102","事业单位医疗",{"v":4054989.79,"d":"4,054,989.79"},{"v":4054989.79,"d":"4,054,989.79"},{"v":4054989.79,"d":"4,054,989.79"}]
["2101103","公务员医疗补助",{"v":2060285.96,"d":"2,060,285.96"},{"v":2060285.96,"d":"2,060,285.96"},{"v":2060285.96,"d":"2,060,285.96"}]
["2101199","其他行政事业单位医疗支出",{"v":163020,"d":"163,020.00"},{"v":163020,"d":"163,020.00"},{"v":163020,"d":"163,020.00"}]
["221","住房保障支出",{"v":3895970.81,"d":"3,895,970.81"},{"v":3895970.81,"d":"3,895,970.81"},{"v":3895970.81,"d":"3,895,970.81"}]
["22102","住房改革支出",{"v":3895970.81,"d":"3,895,970.81"},{"v":3895970.81,"d":"3,895,970.81"},{"v":3895970.81,"d":"3,895,970.81"}]
["2210201","住房公积金",{"v":3895970.81,"d":"3,895,970.81"},{"v":3895970.81,"d":"3,895,970.81"},{"v":3895970.81,"d":"3,895,970.81"}]
["合  计","合  计",{"v":113701432.8,"d":"113,701,432.80"},{"v":96517913.8,"d":"96,517,913.80"},{"v":92421863.02,"d":"92,421,863.02"},{"v":4096050.78,"d":"4,096,050.78"},{"v":17183519,"d":"17,183,519.00"}]

{"sheet":"一般公共预算“三公”经费支出预算表03","index":5,"n_rows":7,"n_cols":6,"rows_kept":7,"merged":[[1,0,1,5],[2,0,2,3],[3,0,4,0],[3,1,4,1],[3,2,3,4],[3,5,4,5]]}
[{"$nulls":5},"预算03表"]
["2025年一般公共预算“三公”经费支出预算表"]
[{"$f":"\"单位名称：\"&\"云南省呈贡体育训练基地\"","v":"单位名称：云南省呈贡体育训练基地"},{"$nulls":4},"单位：元"]
["“三公”经费合计","因公出国（境）费","公务用车购置及运行费",null,null,"公务接待费"]
[null,null,"小计","公务用车购置费","公务用车运行费"]
[1,2,3,4,5,6]
[{"v":250500,"d":"250,500.00"},null,{"v":250500,"d":"250,500.00"},null,{"v":250500,"d":"250,500.00"}]

{"sheet":"单位基本支出预算表04","index":6,"n_rows":36,"n_cols":23,"rows_kept":36,"merged":[[1,0,1,22],[2,0,2,6],[3,0,6,0],[3,1,6,1],[3,2,6,2],[3,3,6,3],[3,4,6,4],[3,5,6,5],[3,6,6,6],[3,7,3,22],[4,7,6,7],[4,8,4,12],[4,13,4,15],[4,16,6,16],[4,17,4,22],[5,8,6,8],[5,9,6,9],[5,10,6,10],[5,11,6,11],[5,12,6,12],[5,13,6,13],[5,14,6,14],[5,15,6,15],[5,17,6,17],[5,18,6,18],[5,19,6,19],[5,20,6,20],[5,21,6,21],[5,22,6,22],[35,0,35,6]]}
[{"$nulls":22},"预算04表"]
["2025年单位基本支出预算表"]
[{"$f":"\"单位名称：\"&\"云南省呈贡体育训练基地\"","v":"单位名称：云南省呈贡体育训练基地"},{"$nulls":21},"单位：元"]
["单位名称","项目代码","项目名称","功能科目编码","功能科目名称","经济科目编码","经济科目名称","资金来源"]
[{"$nulls":7},"合计","一般公共预算",{"$nulls":4},"财政拨款结转结余",null,null,"财政专户管理资金","单位资金"]
[{"$nulls":8},"全年数","已提前安排","抵扣上年垫付资金","本次下达","另文下达","一般公共预算","政府性基金预算","国有资本经营预算",null,"小计","事业收入","事业单位\n经营收入","上级补助收入","附属单位上缴收入","其他收入"]
[]
[1,2,3,4,5,6,7,8,9,10,11,12,13,14,15,16,17,18,19,20,21,22,23]
["云南省呈贡体育训练基地",{"$nulls":6},{"v":96517913.8,"d":"96,517,913.80"},{"v":96517913.8,"d":"96,517,913.80"},{"v":17720019.19,"d":"17,720,019.19"},null,{"v":78797894.61,"d":"78,797,894.61"}]
["云南省呈贡体育训练基地","530000210000000044331","事业人员支出工资","2070306","体育训练","30101","基本工资",{"v":17597916,"d":"17,597,916.00"},{"v":17597916,"d":"17,597,916.00"},{"v":4399479,"d":"4,399,479.00"},null,{"v":13198437,"d":"13,198,437.00"}]
["云南省呈贡体育训练基地","530000210000000044331","事业人员支出工资","2070306","体育训练","30102","津贴补贴",{"v":1176,"d":"1,176.00"},{"v":1176,"d":"1,176.00"},{"v":294,"d":"294.00"},null,{"v":882,"d":"882.00"}]
["云南省呈贡体育训练基地","530000210000000044331","事业人员支出工资","2070306","体育训练","30103","奖金",{"v":1466493,"d":"1,466,493.00"},{"v":1466493,"d":"1,466,493.00"},{"v":366623.25,"d":"366,623.25"},null,{"v":1099869.75,"d":"1,099,869.75"}]
["云南省呈贡体育训练基地","530000210000000044331","事业人员支出工资","2070306","体育训练","30107","绩效工资",{"v":23399052,"d":"23,399,052.00"},{"v":23399052,"d":"23,399,052.00"},{"v":5849763,"d":"5,849,763.00"},null,{"v":17549289,"d":"17,549,289.00"}]
["云南省呈贡体育训练基地","530000210000000044332","社会保障缴费","2080505","机关事业单位基本养老保险缴费支出","30108","机关事业单位基本养老保险缴费",{"v":5840873.76,"d":"5,840,873.76"},{"v":5840873.76,"d":"5,840,873.76"},{"v":1460218.44,"d":"1,460,218.44"},null,{"v":4380655.32,"d":"4,380,655.32"}]
["云南省呈贡体育训练基地","530000210000000044332","社会保障缴费","2089999","其他社会保障和就业支出","30112","其他社会保障缴费",{"v":282535.7,"d":"282,535.70"},{"v":282535.7,"d":"282,535.70"},{"v":70633.93,"d":"70,633.93"},null,{"v":211901.77,"d":"211,901.77"}]
["云南省呈贡体育训练基地","530000210000000044332","社会保障缴费","2101102","事业单位医疗","30110","职工基本医疗保险缴费",{"v":3942589.79,"d":"3,942,589.79"},{"v":3942589.79,"d":"3,942,589.79"},{"v":985647.45,"d":"985,647.45"},null,{"v":2956942.34,"d":"2,956,942.34"}]
["云南省呈贡体育训练基地","530000210000000044332","社会保障缴费","2101102","事业单位医疗","30307","医疗费补助",{"v":112400,"d":"112,400.00"},{"v":112400,"d":"112,400.00"},{"v":28100,"d":"28,100.00"},null,{"v":84300,"d":"84,300.00"}]
["云南省呈贡体育训练基地","530000210000000044332","社会保障缴费","2101103","公务员医疗补助","30111","公务员医疗补助缴费",{"v":2060285.96,"d":"2,060,285.96"},{"v":2060285.96,"d":"2,060,285.96"},{"v":515071.49,"d":"515,071.49"},null,{"v":1545214.47,"d":"1,545,214.47"}]
["云南省呈贡体育训练基地","530000210000000044332","社会保障缴费","2101199","其他行政事业单位医疗支出","30112","其他社会保障缴费",{"v":163020,"d":"163,020.00"},{"v":163020,"d":"163,020.00"},{"v":163020,"d":"163,020.00"}]
["云南省呈贡体育训练基地","530000210000000044334","住房公积金","2210201","住房公积金","30113","住房公积金",{"v":3895970.81,"d":"3,895,970.81"},{"v":3895970.81,"d":"3,895,970.81"},{"v":973992.7,"d":"973,992.70"},null,{"v":2921978.11,"d":"2,921,978.11"}]
["云南省呈贡体育训练基地","530000210000000044336","其他工资福利支出","2070306","体育训练","30106","伙食补助费",{"v":9384150,"d":"9,384,150.00"},{"v":9384150,"d":"9,384,150.00"},{"v":2346037.5,"d":"2,346,037.50"},null,{"v":7038112.5,"d":"7,038,112.50"}]
["云南省呈贡体育训练基地","530000210000000044337","公车购置及运维费","2070306","体育训练","30231","公务用车运行维护费",{"v":250500,"d":"250,500.00"},{"v":250500,"d":"250,500.00"},null,null,{"v":250500,"d":"250,500.00"}]
["云南省呈贡体育训练基地","530000210000000044341","工会经费","2070306","体育训练","30228","工会经费",{"v":849292.74,"d":"849,292.74"},{"v":849292.74,"d":"849,292.74"},{"v":212323.19,"d":"212,323.19"},null,{"v":636969.55,"d":"636,969.55"}]
["云南省呈贡体育训练基地","530000210000000044342","一般公用经费","2070306","体育训练","30201","办公费",{"v":94498,"d":"94,498.00"},{"v":94498,"d":"94,498.00"},null,null,{"v":94498,"d":"94,498.00"}]
["云南省呈贡体育训练基地","530000210000000044342","一般公用经费","2070306","体育训练","30205","水费",{"v":131436.41,"d":"131,436.41"},{"v":131436.41,"d":"131,436.41"},{"v":32859.1,"d":"32,859.10"},null,{"v":98577.31,"d":"98,577.31"}]
["云南省呈贡体育训练基地","530000210000000044342","一般公用经费","2070306","体育训练","30206","电费",{"v":225931.8,"d":"225,931.80"},{"v":225931.8,"d":"225,931.80"},{"v":56482.95,"d":"56,482.95"},null,{"v":169448.85,"d":"169,448.85"}]
["云南省呈贡体育训练基地","530000210000000044342","一般公用经费","2070306","体育训练","30209","物业管理费",{"v":1297099.09,"d":"1,297,099.09"},{"v":1297099.09,"d":"1,297,099.09"},null,null,{"v":1297099.09,"d":"1,297,099.09"}]
["云南省呈贡体育训练基地","530000210000000044342","一般公用经费","2070306","体育训练","30211","差旅费",{"v":100000,"d":"100,000.00"},{"v":100000,"d":"100,000.00"},{"v":25000,"d":"25,000.00"},null,{"v":75000,"d":"75,000.00"}]
["云南省呈贡体育训练基地","530000210000000044342","一般公用经费","2070306","体育训练","30229","福利费",{"v":849292.74,"d":"849,292.74"},{"v":849292.74,"d":"849,292.74"},{"v":212323.19,"d":"212,323.19"},null,{"v":636969.55,"d":"636,969.55"}]
["云南省呈贡体育训练基地","530000210000000044342","一般公用经费","2070306","体育训练","30299","其他商品和服务支出",{"v":39100,"d":"39,100.00"},{"v":39100,"d":"39,100.00"},{"v":9775,"d":"9,775.00"},null,{"v":29325,"d":"29,325.00"}]
["云南省呈贡体育训练基地","530000210000000044342","一般公用经费","2070306","体育训练","31002","办公设备购置",{"v":209400,"d":"209,400.00"},{"v":209400,"d":"209,400.00"},null,null,{"v":209400,"d":"209,400.00"}]
["云南省呈贡体育训练基地","530000210000000044342","一般公用经费","2080502","事业单位离退休","30299","其他商品和服务支出",{"v":49500,"d":"49,500.00"},{"v":49500,"d":"49,500.00"},{"v":12375,"d":"12,375.00"},null,{"v":37125,"d":"37,125.00"}]
["云南省呈贡体育训练基地","530000221100000183654","重大体育比赛奖励专项经费","2070306","体育训练","30103","奖金",{"v":23510000,"d":"23,510,000.00"},{"v":23510000,"d":"23,510,000.00"},null,null,{"v":23510000,"d":"23,510,000.00"}]
["云南省呈贡体育训练基地","530000221100000183673","运动员平时训练奖励专项经费","2070306","体育训练","30103","奖金",{"v":652400,"d":"652,400.00"},{"v":652400,"d":"652,400.00"},null,null,{"v":652400,"d":"652,400.00"}]
["云南省呈贡体育训练基地","530000241100002024466","工伤运动员一次性伤残就业补助金专项经费","2070306","体育训练","30399","其他对个人和家庭的补助",{"v":113000,"d":"113,000.00"},{"v":113000,"d":"113,000.00"},null,null,{"v":113000,"d":"113,000.00"}]
["合  计",{"$nulls":6},{"v":96517913.8,"d":"96,517,913.80"},{"v":96517913.8,"d":"96,517,913.80"},{"v":17720019.19,"d":"17,720,019.19"},null,{"v":78797894.61,"d":"78,797,894.61"}]

{"sheet":"单位项目支出预算表05-1","index":7,"n_rows":42,"n_cols":23,"rows_kept":42,"merged":[[1,0,1,22],[2,0,2,8],[3,0,5,0],[3,1,5,1],[3,2,5,2],[3,3,5,3],[3,4,5,4],[3,5,5,5],[3,6,5,6],[3,7,5,7],[3,8,5,8],[3,9,3,12],[3,13,3,15],[3,16,5,16],[3,17,3,22],[4,9,4,10],[4,11,5,11],[4,12,5,12],[4,13,5,13],[4,14,5,14],[4,15,5,15],[4,17,5,17],[4,18,5,18],[4,19,5,19],[4,20,5,20],[4,21,5,21],[4,22,5,22],[41,0,41,7]]}
[{"$nulls":22},"预算05-1表"]
["2025年单位项目支出预算表"]
[{"$f":"\"单位名称：\"&\"云南省呈贡体育训练基地\"","v":"单位名称：云南省呈贡体育训练基地"},"单位名称：云南省呈贡体育训练基地",{"$nulls":20},"单位：元"]
["项目分类","项目代码","项目名称","项目单位","功能科目编码","功能科目名称","经济科目编码","经济科目名称","合计","本年拨款",{"$nulls":3},"财政拨款结转结余",null,null,"财政专户管理资金","单位资金"]
[{"$nulls":9},"一般公共预算",null,"政府性基金预算","国有资本经营预算","一般公共预算","政府性基金预算","国有资本经营预算",null,"小计","事业收入","事业单位\n经营收入","上级补助收入","附属单位上缴收入","其他收入"]
[{"$nulls":9},"小计","其中：本次下达"]
[1,2,3,4,5,6,7,8,9,10,11,12,13,14,15,16,17,18,19,20,21,22,23]
[null,null,"彩票公益金残疾人体育专项资金",{"$nulls":5},{"v":910000,"d":"910,000.00"},{"$nulls":5},{"v":910000,"d":"910,000.00"}]
["事业发展类","530000241100002933272","彩票公益金残疾人体育专项资金","云南省呈贡体育训练基地","2296006","用于残疾人事业的彩票公益金支出","30227","委托业务费",{"v":910000,"d":"910,000.00"},{"$nulls":5},{"v":910000,"d":"910,000.00"}]
[null,null,"呈贡基地体彩公益金专项经费",{"$nulls":5},{"v":38552402.18,"d":"38,552,402.18"},null,null,{"v":37753700,"d":"37,753,700.00"},null,null,{"v":798702.18,"d":"798,702.18"}]
["事业发展类","530000221100000196329","呈贡基地体彩公益金专项经费","云南省呈贡体育训练基地","2296003","用于体育事业的彩票公益金支出","30211","差旅费",{"v":8724180,"d":"8,724,180.00"},null,null,{"v":8724180,"d":"8,724,180.00"}]
["事业发展类","530000221100000196329","呈贡基地体彩公益金专项经费","云南省呈贡体育训练基地","2296003","用于体育事业的彩票公益金支出","30213","维修（护）费",{"v":60000,"d":"60,000.00"},null,null,{"v":60000,"d":"60,000.00"}]
["事业发展类","530000221100000196329","呈贡基地体彩公益金专项经费","云南省呈贡体育训练基地","2296003","用于体育事业的彩票公益金支出","30216","培训费",{"v":400000,"d":"400,000.00"},null,null,{"v":400000,"d":"400,000.00"}]
["事业发展类","530000221100000196329","呈贡基地体彩公益金专项经费","云南省呈贡体育训练基地","2296003","用于体育事业的彩票公益金支出","30218","专用材料费",{"v":8417035,"d":"8,417,035.00"},null,null,{"v":8417035,"d":"8,417,035.00"}]
["事业发展类","530000221100000196329","呈贡基地体彩公益金专项经费","云南省呈贡体育训练基地","2296003","用于体育事业的彩票公益金支出","30226","劳务费",{"v":657754.09,"d":"657,754.09"},null,null,{"v":652000,"d":"652,000.00"},null,null,{"v":5754.09,"d":"5,754.09"}]
["事业发展类","530000221100000196329","呈贡基地体彩公益金专项经费","云南省呈贡体育训练基地","2296003","用于体育事业的彩票公益金支出","30227","委托业务费",{"v":1576478.19,"d":"1,576,478.19"},null,null,{"v":1503960,"d":"1,503,960.00"},null,null,{"v":72518.19,"d":"72,518.19"}]
["事业发展类","530000221100000196329","呈贡基地体彩公益金专项经费","云南省呈贡体育训练基地","2296003","用于体育事业的彩票公益金支出","31001","房屋建筑物购建",{"v":2787832.3,"d":"2,787,832.30"},null,null,{"v":2602000,"d":"2,602,000.00"},null,null,{"v":185832.3,"d":"185,832.30"}]
["事业发展类","530000221100000196329","呈贡基地体彩公益金专项经费","云南省呈贡体育训练基地","2296003","用于体育事业的彩票公益金支出","31002","办公设备购置",{"v":2265535,"d":"2,265,535.00"},null,null,{"v":2265535,"d":"2,265,535.00"}]
["事业发展类","530000221100000196329","呈贡基地体彩公益金专项经费","云南省呈贡体育训练基地","2296003","用于体育事业的彩票公益金支出","31003","专用设备购置",{"v":9598890,"d":"9,598,890.00"},null,null,{"v":9128990,"d":"9,128,990.00"},null,null,{"v":469900,"d":"469,900.00"}]
["事业发展类","530000221100000196329","呈贡基地体彩公益金专项经费","云南省呈贡体育训练基地","2296003","用于体育事业的彩票公益金支出","31006","大型修缮",{"v":4064697.6,"d":"4,064,697.60"},null,null,{"v":4000000,"d":"4,000,000.00"},null,null,{"v":64697.6,"d":"64,697.60"}]
[null,null,"其他人员支出",{"$nulls":5},{"v":1393000,"d":"1,393,000.00"},{"v":1393000,"d":"1,393,000.00"},{"v":1393000,"d":"1,393,000.00"}]
["民生类","530000231100001088476","其他人员支出","云南省呈贡体育训练基地","2070306","体育训练","30199","其他工资福利支出",{"v":1393000,"d":"1,393,000.00"},{"v":1393000,"d":"1,393,000.00"},{"v":1393000,"d":"1,393,000.00"}]
[null,null,"体育场馆运营专项资金",{"$nulls":5},{"v":8737100,"d":"8,737,100.00"},{"v":8737100,"d":"8,737,100.00"},{"v":8737100,"d":"8,737,100.00"}]
["事业发展类","530000241100002046712","体育场馆运营专项资金","云南省呈贡体育训练基地","2070306","体育训练","30204","手续费",{"v":6000,"d":"6,000.00"},{"v":6000,"d":"6,000.00"},{"v":6000,"d":"6,000.00"}]
["事业发展类","530000241100002046712","体育场馆运营专项资金","云南省呈贡体育训练基地","2070306","体育训练","30207","邮电费",{"v":121640,"d":"121,640.00"},{"v":121640,"d":"121,640.00"},{"v":121640,"d":"121,640.00"}]
["事业发展类","530000241100002046712","体育场馆运营专项资金","云南省呈贡体育训练基地","2070306","体育训练","30211","差旅费",{"v":752000,"d":"752,000.00"},{"v":752000,"d":"752,000.00"},{"v":752000,"d":"752,000.00"}]
["事业发展类","530000241100002046712","体育场馆运营专项资金","云南省呈贡体育训练基地","2070306","体育训练","30213","维修（护）费",{"v":3355005,"d":"3,355,005.00"},{"v":3355005,"d":"3,355,005.00"},{"v":3355005,"d":"3,355,005.00"}]
["事业发展类","530000241100002046712","体育场馆运营专项资金","云南省呈贡体育训练基地","2070306","体育训练","30216","培训费",{"v":9987.5,"d":"9,987.50"},{"v":9987.5,"d":"9,987.50"},{"v":9987.5,"d":"9,987.50"}]
["事业发展类","530000241100002046712","体育场馆运营专项资金","云南省呈贡体育训练基地","2070306","体育训练","30218","专用材料费",{"v":2329292.5,"d":"2,329,292.50"},{"v":2329292.5,"d":"2,329,292.50"},{"v":2329292.5,"d":"2,329,292.50"}]
["事业发展类","530000241100002046712","体育场馆运营专项资金","云南省呈贡体育训练基地","2070306","体育训练","30225","专用燃料费",{"v":20000,"d":"20,000.00"},{"v":20000,"d":"20,000.00"},{"v":20000,"d":"20,000.00"}]
["事业发展类","530000241100002046712","体育场馆运营专项资金","云南省呈贡体育训练基地","2070306","体育训练","30226","劳务费",{"v":17000,"d":"17,000.00"},{"v":17000,"d":"17,000.00"},{"v":17000,"d":"17,000.00"}]
["事业发展类","530000241100002046712","体育场馆运营专项资金","云南省呈贡体育训练基地","2070306","体育训练","30227","委托业务费",{"v":140000,"d":"140,000.00"},{"v":140000,"d":"140,000.00"},{"v":140000,"d":"140,000.00"}]
["事业发展类","530000241100002046712","体育场馆运营专项资金","云南省呈贡体育训练基地","2070306","体育训练","30240","税金及附加费用",{"v":679245,"d":"679,245.00"},{"v":679245,"d":"679,245.00"},{"v":679245,"d":"679,245.00"}]
["事业发展类","530000241100002046712","体育场馆运营专项资金","云南省呈贡体育训练基地","2070306","体育训练","30299","其他商品和服务支出",{"v":873710,"d":"873,710.00"},{"v":873710,"d":"873,710.00"},{"v":873710,"d":"873,710.00"}]
["事业发展类","530000241100002046712","体育场馆运营专项资金","云南省呈贡体育训练基地","2070306","体育训练","31002","办公设备购置",{"v":21500,"d":"21,500.00"},{"v":21500,"d":"21,500.00"},{"v":21500,"d":"21,500.00"}]
["事业发展类","530000241100002046712","体育场馆运营专项资金","云南省呈贡体育训练基地","2070306","体育训练","31003","专用设备购置",{"v":408720,"d":"408,720.00"},{"v":408720,"d":"408,720.00"},{"v":408720,"d":"408,720.00"}]
["事业发展类","530000241100002046712","体育场馆运营专项资金","云南省呈贡体育训练基地","2070306","体育训练","31007","信息网络及软件购置更新",{"v":3000,"d":"3,000.00"},{"v":3000,"d":"3,000.00"},{"v":3000,"d":"3,000.00"}]
[null,null,"退役运动员一次性退役费专项资金",{"$nulls":5},{"v":79623,"d":"79,623.00"},{"v":79623,"d":"79,623.00"},{"v":79623,"d":"79,623.00"}]
["民生类","530000210000000017014","退役运动员一次性退役费专项资金","云南省呈贡体育训练基地","2070306","体育训练","30303","退职（役）费",{"v":79623,"d":"79,623.00"},{"v":79623,"d":"79,623.00"},{"v":79623,"d":"79,623.00"}]
[null,null,"退役运动员自主择业经济补偿专项经费",{"$nulls":5},{"v":7954782,"d":"7,954,782.00"},{"v":6973796,"d":"6,973,796.00"},{"v":6973796,"d":"6,973,796.00"},null,null,{"v":980986,"d":"980,986.00"}]
["民生类","530000210000000017015","退役运动员自主择业经济补偿专项经费","云南省呈贡体育训练基地","2070306","体育训练","30303","退职（役）费",{"v":7954782,"d":"7,954,782.00"},{"v":6973796,"d":"6,973,796.00"},{"v":6973796,"d":"6,973,796.00"},null,null,{"v":980986,"d":"980,986.00"}]
["合  计",{"$nulls":7},{"v":57626907.18,"d":"57,626,907.18"},{"v":17183519,"d":"17,183,519.00"},{"v":17183519,"d":"17,183,519.00"},{"v":37753700,"d":"37,753,700.00"},null,{"v":980986,"d":"980,986.00"},{"v":1708702.18,"d":"1,708,702.18"}]

{"sheet":"单位项目支出绩效目标表05-2","index":8,"n_rows":51,"n_cols":10,"rows_kept":51,"merged":[[1,0,1,9],[2,0,2,7],[6,0,8,0],[6,1,8,1],[9,0,14,0],[9,1,14,1],[15,0,19,0],[15,1,19,1],[20,0,24,0],[20,1,24,1],[25,0,50,0],[25,1,50,1]]}
[{"$nulls":9},"预算05-2表"]
["2025年部门项目支出绩效目标表"]
[{"$f":"\"单位名称：\"&\"云南省呈贡体育训练基地\"","v":"单位名称：云南省呈贡体育训练基地"}]
["单位名称、项目名称","项目年度绩效目标","一级指标","二级指标","三级指标","指标性质","指标值","度量单位","指标属性","指标内容"]
[1,2,3,4,5,6,7,8,9,10]
["云南省呈贡体育训练基地"]
["其他人员支出","保障云南省呈贡体育训练基地外聘人员工资支出","产出指标","数量指标","编外人员工资福利发放人数","<=","30","人","定量指标","反映编外人员实际发放工资人员数量。工资福利包括：编外人员工资、社会保险等。"]
["其他人员支出","保障云南省呈贡体育训练基地外聘人员工资支出","效益指标","社会效益","单位运转","=","正常运转",null,"定性指标","反映单位运转情况"]
["其他人员支出","保障云南省呈贡体育训练基地外聘人员工资支出","满意度指标","服务对象满意度","单位人员满意度",">=","90","%","定量指标","反映单位编外人员对工资福利发放的满意程度"]
["体育场馆运营专项资金","2025年非税收入返还金额做好本体育场馆运营保障，按规定支出，保障部门正常运转。","产出指标","数量指标","非税收入保障人数",">=","319","人","定量指标","反映经费保障部门（单位）政策运转的在职人数情况。在职人数主要指办公、会议、培训、差旅、水费、电费等公用经费中服务保障的人数。"]
["体育场馆运营专项资金","2025年非税收入返还金额做好本体育场馆运营保障，按规定支出，保障部门正常运转。","产出指标","数量指标","接待国家队及省外运动队伍数量",">=","5","个（套）","定量指标","反映外训队伍到我单位训练的数量"]
["体育场馆运营专项资金","2025年非税收入返还金额做好本体育场馆运营保障，按规定支出，保障部门正常运转。","效益指标","社会效益","部门运转","=","正常运转",null,"定性指标","反映部门（单位）正常运转情况"]
["体育场馆运营专项资金","2025年非税收入返还金额做好本体育场馆运营保障，按规定支出，保障部门正常运转。","效益指标","可持续影响","对外训队伍成绩提高的影响力","=","显著",null,"定性指标","反映到我单位训练后的运动队成绩是否有提升，从而提升我单位的社会影响力"]
["体育场馆运营专项资金","2025年非税收入返还金额做好本体育场馆运营保障，按规定支出，保障部门正常运转。","满意度指标","服务对象满意度","单位人员满意度",">=","90","%","定量指标","反映部门（单位）人员对公用经费保障的满意程度。"]
["体育场馆运营专项资金","2025年非税收入返还金额做好本体育场馆运营保障，按规定支出，保障部门正常运转。","满意度指标","服务对象满意度","外训运动队的满意度",">=","90","%","定量指标","反映部门（单位）人员对公用经费外训运动队对我单位保障的满意程度。"]
["退役运动员自主择业经济补偿专项经费","2025年退役运动员自主择业经济补偿项目发放资金总额7,270,600.00元，保障18名退役运动员自主择业发放经济补偿，自主择业退役运动员满意度大于等于90%。","产出指标","数量指标","保障退役运动员人数","=","18","人","定量指标","项目实施后能保障18名就业安置退役运动员取得就业安置费"]
["退役运动员自主择业经济补偿专项经费","2025年退役运动员自主择业经济补偿项目发放资金总额7,270,600.00元，保障18名退役运动员自主择业发放经济补偿，自主择业退役运动员满意度大于等于90%。","产出指标","质量指标","资金兑现率","=","100","%","定量指标","项目实施后能保障就业安置退役运动员取得就业安置费"]
["退役运动员自主择业经济补偿专项经费","2025年退役运动员自主择业经济补偿项目发放资金总额7,270,600.00元，保障18名退役运动员自主择业发放经济补偿，自主择业退役运动员满意度大于等于90%。","产出指标","时效指标","资金发放时间","<=","3","月","定量指标","是否在资金下达3个月内按时发放"]
["退役运动员自主择业经济补偿专项经费","2025年退役运动员自主择业经济补偿项目发放资金总额7,270,600.00元，保障18名退役运动员自主择业发放经济补偿，自主择业退役运动员满意度大于等于90%。","效益指标","社会效益","对完善运动员保障机制的影响力","=","显著","项","定性指标","为了解决运动员后顾之忧，提升运动员成绩，同时有利于竞技体育保持积极健康发展的态势。"]
["退役运动员自主择业经济补偿专项经费","2025年退役运动员自主择业经济补偿项目发放资金总额7,270,600.00元，保障18名退役运动员自主择业发放经济补偿，自主择业退役运动员满意度大于等于90%。","满意度指标","服务对象满意度","退役运动员满意度",">=","90","人","定量指标","体现退役运动员对本项工作的满意度"]
["退役运动员一次性退役费专项资金","对达到安置条件并且已经安置到工作岗位的运动员，给予一定的生理及心理挑战补偿，项目为安置运动员一次性退役费。2025年申请项目资金总额13900元，人数为1人。","产出指标","数量指标","保障退役运动员一次性退役费发放人数","=","1.00","人","定量指标","项目实施后能保障就业安置退役运动员取得一次性退役费"]
["退役运动员一次性退役费专项资金","对达到安置条件并且已经安置到工作岗位的运动员，给予一定的生理及心理挑战的补偿 ，项目为安置运动员一次性退役费。2025年申请项目资金总额13900元，人数为1人。","产出指标","质量指标","资金兑现率","=","100","%","定量指标","项目实施后能保障就业安置退役运动员取得一次性退役费"]
["退役运动员一次性退役费专项资金","对达到安置条件并且已经安置到工作岗位的运动员，给予一定的生理及心理挑战的补偿 ，项目为安置运动员一次性退役费。2025年申请项目资金总额13900元，人数为1人。","产出指标","时效指标","资金发放时间","<=","3","月","定量指标","资金下达后3个月内完成发放，不扣分"]
["退役运动员一次性退役费专项资金","对达到安置条件并且已经安置到工作岗位的运动员，给予一定的生理及心理挑战的补偿 ，项目为安置运动员一次性退役费。2025年申请项目资金总额13900元，人数为1人。","效益指标","社会效益","对完善运动员保障机制的影响力","=","显著","项","定性指标","为了解决运动员后顾之忧，提升运动员成绩，同时有利于竞技体育保持积极健康发展的态势。"]
["退役运动员一次性退役费专项资金","对达到安置条件并且已经安置到工作岗位的运动员，给予一定的生理及心理挑战的补偿 ，项目为安置运动员一次性退役费。2025年申请项目资金总额13900元，人数为1人。","满意度指标","服务对象满意度","退役运动员满意度",">=","90","%","定量指标","为了解决运动员后顾之忧，提升运动员成绩，同时有利于竞技体育保持积极健康发展的态势。"]
["呈贡基地体彩公益金专项经费","体彩公益金支出专项资金是为了确保我省运动队2025年外出训练和比赛，对重点运动员实行运动营养品保障，为备战第十五届全国运动会提供器材支持，通过外聘教练来提升运动队的竞技水平，为省级运动队培养高水平后备人才，促进我省业余训练的业务和管理工作发展，进一步提高我省青少年田径、自行车、击剑、铁人三项等项目训练水平，培养高原人才，争取为云南、为中国输出更多的优秀运动员人才，开展云南省裁判员培训班、业余体校教练员培训班；工程建设方面，在2025年完成基地中心配电系统改造、运动员公寓及训练场馆附属设施改造两个项目，货物采购方面完成运动员生活物资购置一个项目，打造云南高原训练基地建设。","产出指标","数量指标","工程数量",">=","3","个/标段","定量指标","2025年基地工程数量"]
["呈贡基地体彩公益金专项经费","体彩公益金支出专项资金是为了确保我省运动队2025年外出训练和比赛，对重点运动员实行运动营养品保障，为备战全运会提供器材支持，通过外聘教练来提升运动队的竞技水平，为省级运动队培养高水平后备人才，促进我省业余训练的业务和管理工作发展，进一步提高我省青少年田径、自行车、击剑、铁人三项等项目训练水平，培养高原人才，争取为云南、为中国输出更多的优秀运动员人才，开展云南省裁判员培训班、业余体校教练员培训班；工程建设方面，在2025年完成基地中心配电系统改造、运动员公寓及训练场馆附属设施改造两个项目，货物采购方面完成运动员生活物资购置一个项目，打造云南高原训练基地建设。","产出指标","数量指标","备战第十五届全国运动会人数",">=","280","人","定量指标","反映备战第十五届全国运动会的人数"]
["呈贡基地体彩公益金专项经费","体彩公益金支出专项资金是为了确保我省运动队2025年外出训练和比赛，对重点运动员实行运动营养品保障，为备战全运会提供器材支持，通过外聘教练来提升运动队的竞技水平，为省级运动队培养高水平后备人才，促进我省业余训练的业务和管理工作发展，进一步提高我省青少年田径、自行车、击剑、铁人三项等项目训练水平，培养高原人才，争取为云南、为中国输出更多的优秀运动员人才，开展云南省裁判员培训班、业余体校教练员培训班；工程建设方面，在2025年完成基地中心配电系统改造、运动员公寓及训练场馆附属设施改造两个项目，货物采购方面完成运动员生活物资购置一个项目，打造云南高原训练基地建设。","产出指标","数量指标","全年比赛获得的奖牌数",">=","30","个","定量指标","根据该项目保障的运动员人数设定指标"]
["呈贡基地体彩公益金专项经费","体彩公益金支出专项资金是为了确保我省运动队2025年外出训练和比赛，对重点运动员实行运动营养品保障，为备战全运会提供器材支持，通过外聘教练来提升运动队的竞技水平，为省级运动队培养高水平后备人才，促进我省业余训练的业务和管理工作发展，进一步提高我省青少年田径、自行车、击剑、铁人三项等项目训练水平，培养高原人才，争取为云南、为中国输出更多的优秀运动员人才，开展云南省裁判员培训班、业余体校教练员培训班；工程建设方面，在2025年完成基地中心配电系统改造、运动员公寓及训练场馆附属设施改造两个项目，货物采购方面完成运动员生活物资购置一个项目，打造云南高原训练基地建设。","产出指标","数量指标","外出训练比赛的次数",">=","30","次","定量指标","根据上年经验，确定每年外出训练比赛次数"]
["呈贡基地体彩公益金专项经费","体彩公益金支出专项资金是为了确保我省运动队2025年外出训练和比赛，对重点运动员实行运动营养品保障，为备战全运会提供器材支持，通过外聘教练来提升运动队的竞技水平，为省级运动队培养高水平后备人才，促进我省业余训练的业务和管理工作发展，进一步提高我省青少年田径、自行车、击剑、铁人三项等项目训练水平，培养高原人才，争取为云南、为中国输出更多的优秀运动员人才，开展云南省裁判员培训班、业余体校教练员培训班；工程建设方面，在2025年完成基地中心配电系统改造、运动员公寓及训练场馆附属设施改造两个项目，货物采购方面完成运动员生活物资购置一个项目，打造云南高原训练基地建设。","产出指标","数量指标","举办业余体校教练员培训班",">=","1.00","期","定量指标","根据实际能参加培训的人数设定"]
["呈贡基地体彩公益金专项经费","体彩公益金支出专项资金是为了确保我省运动队2025年外出训练和比赛，对重点运动员实行运动营养品保障，为备战全运会提供器材支持，通过外聘教练来提升运动队的竞技水平，为省级运动队培养高水平后备人才，促进我省业余训练的业务和管理工作发展，进一步提高我省青少年田径、自行车、击剑、铁人三项等项目训练水平，培养高原人才，争取为云南、为中国输出更多的优秀运动员人才，开展云南省裁判员培训班、业余体校教练员培训班；工程建设方面，在2025年完成基地中心配电系统改造、运动员公寓及训练场馆附属设施改造两个项目，货物采购方面完成运动员生活物资购置一个项目，打造云南高原训练基地建设。","产出指标","数量指标","参加业余体校教练员培训人数",">=","50","人","定量指标","反映参加教练员培训班的人数"]
["呈贡基地体彩公益金专项经费","体彩公益金支出专项资金是为了确保我省运动队2025年外出训练和比赛，对重点运动员实行运动营养品保障，为备战全运会提供器材支持，通过外聘教练来提升运动队的竞技水平，为省级运动队培养高水平后备人才，促进我省业余训练的业务和管理工作发展，进一步提高我省青少年田径、自行车、击剑、铁人三项等项目训练水平，培养高原人才，争取为云南、为中国输出更多的优秀运动员人才，开展云南省裁判员培训班、业余体校教练员培训班；工程建设方面，在2025年完成基地中心配电系统改造、运动员公寓及训练场馆附属设施改造两个项目，货物采购方面完成运动员生活物资购置一个项目，打造云南高原训练基地建设。","产出指标","数量指标","参加云南省青少年高原耐力项目对抗赛","=","1.00","次","定量指标","反映是否参加高原耐力对抗赛"]
["呈贡基地体彩公益金专项经费","体彩公益金支出专项资金是为了确保我省运动队2025年外出训练和比赛，对重点运动员实行运动营养品保障，为备战全运会提供器材支持，通过外聘教练来提升运动队的竞技水平，为省级运动队培养高水平后备人才，促进我省业余训练的业务和管理工作发展，进一步提高我省青少年田径、自行车、击剑、铁人三项等项目训练水平，培养高原人才，争取为云南、为中国输出更多的优秀运动员人才，开展云南省裁判员培训班、业余体校教练员培训班；工程建设方面，在2025年完成基地中心配电系统改造、运动员公寓及训练场馆附属设施改造两个项目，货物采购方面完成运动员生活物资购置一个项目，打造云南高原训练基地建设。","产出指标","数量指标","举办云南省裁判员培训班",">=","1.00","期","定量指标","反映举办田径、自行车、铁人三项、击剑裁判员培训班的次数"]
["呈贡基地体彩公益金专项经费","体彩公益金支出专项资金是为了确保我省运动队2025年外出训练和比赛，对重点运动员实行运动营养品保障，为备战全运会提供器材支持，通过外聘教练来提升运动队的竞技水平，为省级运动队培养高水平后备人才，促进我省业余训练的业务和管理工作发展，进一步提高我省青少年田径、自行车、击剑、铁人三项等项目训练水平，培养高原人才，争取为云南、为中国输出更多的优秀运动员人才，开展云南省裁判员培训班、业余体校教练员培训班；工程建设方面，在2025年完成基地中心配电系统改造、运动员公寓及训练场馆附属设施改造两个项目，货物采购方面完成运动员生活物资购置一个项目，打造云南高原训练基地建设。","产出指标","数量指标","开展基地中心配电系统改造工作","=","1.00","项","定量指标","反映是否开展了基地中心配电系统改造工作"]
["呈贡基地体彩公益金专项经费","体彩公益金支出专项资金是为了确保我省运动队2025年外出训练和比赛，对重点运动员实行运动营养品保障，为备战全运会提供器材支持，通过外聘教练来提升运动队的竞技水平，为省级运动队培养高水平后备人才，促进我省业余训练的业务和管理工作发展，进一步提高我省青少年田径、自行车、击剑、铁人三项等项目训练水平，培养高原人才，争取为云南、为中国输出更多的优秀运动员人才，开展云南省裁判员培训班、业余体校教练员培训班；工程建设方面，在2025年完成基地中心配电系统改造、运动员公寓及训练场馆附属设施改造两个项目，货物采购方面完成运动员生活物资购置一个项目，打造云南高原训练基地建设。","产出指标","数量指标","重点项目运动员营养费保障运动员人数",">=","60","人","定量指标","反映重点项目运动员营养费保障运动员的人数"]
["呈贡基地体彩公益金专项经费","体彩公益金支出专项资金是为了确保我省运动队2025年外出训练和比赛，对重点运动员实行运动营养品保障，为备战全运会提供器材支持，通过外聘教练来提升运动队的竞技水平，为省级运动队培养高水平后备人才，促进我省业余训练的业务和管理工作发展，进一步提高我省青少年田径、自行车、击剑、铁人三项等项目训练水平，培养高原人才，争取为云南、为中国输出更多的优秀运动员人才，开展云南省裁判员培训班、业余体校教练员培训班；工程建设方面，在2025年完成基地中心配电系统改造、运动员公寓及训练场馆附属设施改造两个项目，货物采购方面完成运动员生活物资购置一个项目，打造云南高原训练基地建设。","产出指标","数量指标","开展基地运动员公寓及训练场馆附属设施改造","=","1.00","项","定量指标","反映是否开展了基地运动员公寓及训练场馆附属设施改造工作"]
["呈贡基地体彩公益金专项经费","体彩公益金支出专项资金是为了确保我省运动队2025年外出训练和比赛，对重点运动员实行运动营养品保障，为备战全运会提供器材支持，通过外聘教练来提升运动队的竞技水平，为省级运动队培养高水平后备人才，促进我省业余训练的业务和管理工作发展，进一步提高我省青少年田径、自行车、击剑、铁人三项等项目训练水平，培养高原人才，争取为云南、为中国输出更多的优秀运动员人才，开展云南省裁判员培训班、业余体校教练员培训班；工程建设方面，在2025年完成基地中心配电系统改造、运动员公寓及训练场馆附属设施改造两个项目，货物采购方面完成运动员生活物资购置一个项目，打造云南高原训练基地建设。","产出指标","数量指标","开展竞走国少队训练、比赛工作",">=","1.00","项","定量指标","反映是否开展国少队的相关工作"]
["呈贡基地体彩公益金专项经费","体彩公益金支出专项资金是为了确保我省运动队2025年外出训练和比赛，对重点运动员实行运动营养品保障，为备战全运会提供器材支持，通过外聘教练来提升运动队的竞技水平，为省级运动队培养高水平后备人才，促进我省业余训练的业务和管理工作发展，进一步提高我省青少年田径、自行车、击剑、铁人三项等项目训练水平，培养高原人才，争取为云南、为中国输出更多的优秀运动员人才，开展云南省裁判员培训班、业余体校教练员培训班；工程建设方面，在2025年完成基地中心配电系统改造、运动员公寓及训练场馆附属设施改造两个项目，货物采购方面完成运动员生活物资购置一个项目，打造云南高原训练基地建设。","产出指标","数量指标","工程费用","<=","660.2","万元","定量指标","反映工程项目实施成本控制"]
["呈贡基地体彩公益金专项经费","体彩公益金支出专项资金是为了确保我省运动队2025年外出训练和比赛，对重点运动员实行运动营养品保障，为备战全运会提供器材支持，通过外聘教练来提升运动队的竞技水平，为省级运动队培养高水平后备人才，促进我省业余训练的业务和管理工作发展，进一步提高我省青少年田径、自行车、击剑、铁人三项等项目训练水平，培养高原人才，争取为云南、为中国输出更多的优秀运动员人才，开展云南省裁判员培训班、业余体校教练员培训班；工程建设方面，在2025年完成基地中心配电系统改造、运动员公寓及训练场馆附属设施改造两个项目，货物采购方面完成运动员生活物资购置一个项目，打造云南高原训练基地建设。","产出指标","数量指标","参加裁判员培训班人数",">=","30","人","定量指标","反映举办裁判员培训班的参加人数"]
["呈贡基地体彩公益金专项经费","体彩公益金支出专项资金是为了确保我省运动队2025年外出训练和比赛，对重点运动员实行运动营养品保障，为备战全运会提供器材支持，通过外聘教练来提升运动队的竞技水平，为省级运动队培养高水平后备人才，促进我省业余训练的业务和管理工作发展，进一步提高我省青少年田径、自行车、击剑、铁人三项等项目训练水平，培养高原人才，争取为云南、为中国输出更多的优秀运动员人才，开展云南省裁判员培训班、业余体校教练员培训班；工程建设方面，在2025年完成基地中心配电系统改造、运动员公寓及训练场馆附属设施改造两个项目，货物采购方面完成运动员生活物资购置一个项目，打造云南高原训练基地建设。","产出指标","数量指标","开展运动员生活物资购置工作","=","1.00","项","定量指标","反映开展运动员生活物资购置工作情况"]
["呈贡基地体彩公益金专项经费","体彩公益金支出专项资金是为了确保我省运动队2025年外出训练和比赛，对重点运动员实行运动营养品保障，为备战全运会提供器材支持，通过外聘教练来提升运动队的竞技水平，为省级运动队培养高水平后备人才，促进我省业余训练的业务和管理工作发展，进一步提高我省青少年田径、自行车、击剑、铁人三项等项目训练水平，培养高原人才，争取为云南、为中国输出更多的优秀运动员人才，开展云南省裁判员培训班、业余体校教练员培训班；工程建设方面，在2025年完成基地中心配电系统改造、运动员公寓及训练场馆附属设施改造两个项目，货物采购方面完成运动员生活物资购置一个项目，打造云南高原训练基地建设。","产出指标","数量指标","运动员生活物资购置货物类别",">=","4","类","定量指标","反映运动员生活物资购置货物类别"]
["呈贡基地体彩公益金专项经费","体彩公益金支出专项资金是为了确保我省运动队2025年外出训练和比赛，对重点运动员实行运动营养品保障，为备战全运会提供器材支持，通过外聘教练来提升运动队的竞技水平，为省级运动队培养高水平后备人才，促进我省业余训练的业务和管理工作发展，进一步提高我省青少年田径、自行车、击剑、铁人三项等项目训练水平，培养高原人才，争取为云南、为中国输出更多的优秀运动员人才，开展云南省裁判员培训班、业余体校教练员培训班；工程建设方面，在2025年完成基地中心配电系统改造、运动员公寓及训练场馆附属设施改造两个项目，货物采购方面完成运动员生活物资购置一个项目，打造云南高原训练基地建设。","产出指标","数量指标","开展综合训练馆塑胶地板项目","=","1.00","项","定量指标","反映是否开展综合训练馆塑胶地板项目"]
["呈贡基地体彩公益金专项经费","体彩公益金支出专项资金是为了确保我省运动队2025年外出训练和比赛，对重点运动员实行运动营养品保障，为备战全运会提供器材支持，通过外聘教练来提升运动队的竞技水平，为省级运动队培养高水平后备人才，促进我省业余训练的业务和管理工作发展，进一步提高我省青少年田径、自行车、击剑、铁人三项等项目训练水平，培养高原人才，争取为云南、为中国输出更多的优秀运动员人才，开展云南省裁判员培训班、业余体校教练员培训班；工程建设方面，在2025年完成基地中心配电系统改造、运动员公寓及训练场馆附属设施改造两个项目，货物采购方面完成运动员生活物资购置一个项目，打造云南高原训练基地建设。","产出指标","数量指标","开展反兴奋剂相关工作","=","1.00","项","定量指标","反映单位开展反兴奋剂工作的情况"]
["呈贡基地体彩公益金专项经费","体彩公益金支出专项资金是为了确保我省运动队2025年外出训练和比赛，对重点运动员实行运动营养品保障，为备战全运会提供器材支持，通过外聘教练来提升运动队的竞技水平，为省级运动队培养高水平后备人才，促进我省业余训练的业务和管理工作发展，进一步提高我省青少年田径、自行车、击剑、铁人三项等项目训练水平，培养高原人才，争取为云南、为中国输出更多的优秀运动员人才，开展云南省裁判员培训班、业余体校教练员培训班；工程建设方面，在2025年完成基地中心配电系统改造、运动员公寓及训练场馆附属设施改造两个项目，货物采购方面完成运动员生活物资购置一个项目，打造云南高原训练基地建设。","产出指标","质量指标","竣工验收合格率",">=","90","%","定量指标","反映项目验收情况。"]
["呈贡基地体彩公益金专项经费","体彩公益金支出专项资金是为了确保我省运动队2025年外出训练和比赛，对重点运动员实行运动营养品保障，为备战全运会提供器材支持，通过外聘教练来提升运动队的竞技水平，为省级运动队培养高水平后备人才，促进我省业余训练的业务和管理工作发展，进一步提高我省青少年田径、自行车、击剑、铁人三项等项目训练水平，培养高原人才，争取为云南、为中国输出更多的优秀运动员人才，开展云南省裁判员培训班、业余体校教练员培训班；工程建设方面，在2025年完成基地中心配电系统改造、运动员公寓及训练场馆附属设施改造两个项目，货物采购方面完成运动员生活物资购置一个项目，打造云南高原训练基地建设。","产出指标","质量指标","运动员生活物资购置货物验收合格率",">=","95","%","定量指标","反映运动员生活物资购置货物质量"]
["呈贡基地体彩公益金专项经费","体彩公益金支出专项资金是为了确保我省运动队2025年外出训练和比赛，对重点运动员实行运动营养品保障，为备战全运会提供器材支持，通过外聘教练来提升运动队的竞技水平，为省级运动队培养高水平后备人才，促进我省业余训练的业务和管理工作发展，进一步提高我省青少年田径、自行车、击剑、铁人三项等项目训练水平，培养高原人才，争取为云南、为中国输出更多的优秀运动员人才，开展云南省裁判员培训班、业余体校教练员培训班；工程建设方面，在2025年完成基地中心配电系统改造、运动员公寓及训练场馆附属设施改造两个项目，货物采购方面完成运动员生活物资购置一个项目，打造云南高原训练基地建设。","产出指标","时效指标","呈贡基地体彩公益金项目执行","<=","2025年12月31日之前",null,"定性指标","反映呈贡基地体彩公益金项目资金执行情况。"]
["呈贡基地体彩公益金专项经费","体彩公益金支出专项资金是为了确保我省运动队2025年外出训练和比赛，对重点运动员实行运动营养品保障，为备战全运会提供器材支持，通过外聘教练来提升运动队的竞技水平，为省级运动队培养高水平后备人才，促进我省业余训练的业务和管理工作发展，进一步提高我省青少年田径、自行车、击剑、铁人三项等项目训练水平，培养高原人才，争取为云南、为中国输出更多的优秀运动员人才，开展云南省裁判员培训班、业余体校教练员培训班；工程建设方面，在2025年完成基地中心配电系统改造、运动员公寓及训练场馆附属设施改造两个项目，货物采购方面完成运动员生活物资购置一个项目，打造云南高原训练基地建设。","效益指标","社会效益","对云南省竞技体育事业发展的影响力","=","显著",null,"定性指标","对备战第十五届全国运动会的运动员的成绩进行收集和总结，以此来确定备战第十五届全国运动会专项经费对提升运动员竞技水平，对提升竞技体育事业发展的影响力"]
["呈贡基地体彩公益金专项经费","体彩公益金支出专项资金是为了确保我省运动队2025年外出训练和比赛，对重点运动员实行运动营养品保障，为备战全运会提供器材支持，通过外聘教练来提升运动队的竞技水平，为省级运动队培养高水平后备人才，促进我省业余训练的业务和管理工作发展，进一步提高我省青少年田径、自行车、击剑、铁人三项等项目训练水平，培养高原人才，争取为云南、为中国输出更多的优秀运动员人才，开展云南省裁判员培训班、业余体校教练员培训班；工程建设方面，在2025年完成基地中心配电系统改造、运动员公寓及训练场馆附属设施改造两个项目，货物采购方面完成运动员生活物资购置一个项目，打造云南高原训练基地建设。","效益指标","社会效益","重点运动员营养费对运动员竞技水平提升的影响力","=","显著",null,"定性指标","对重点运动员竞技水平的影响力"]
["呈贡基地体彩公益金专项经费","体彩公益金支出专项资金是为了确保我省运动队2025年外出训练和比赛，对重点运动员实行运动营养品保障，为备战全运会提供器材支持，通过外聘教练来提升运动队的竞技水平，为省级运动队培养高水平后备人才，促进我省业余训练的业务和管理工作发展，进一步提高我省青少年田径、自行车、击剑、铁人三项等项目训练水平，培养高原人才，争取为云南、为中国输出更多的优秀运动员人才，开展云南省裁判员培训班、业余体校教练员培训班；工程建设方面，在2025年完成基地中心配电系统改造、运动员公寓及训练场馆附属设施改造两个项目，货物采购方面完成运动员生活物资购置一个项目，打造云南高原训练基地建设。","效益指标","社会效益","反兴奋剂工作开展后对运动员反兴奋剂意识的提升","=","显著",null,"定性指标","反映单位开展反兴奋剂工作展后对运动员反兴奋剂意识的提升效果"]
["呈贡基地体彩公益金专项经费","体彩公益金支出专项资金是为了确保我省运动队2025年外出训练和比赛，对重点运动员实行运动营养品保障，为备战全运会提供器材支持，通过外聘教练来提升运动队的竞技水平，为省级运动队培养高水平后备人才，促进我省业余训练的业务和管理工作发展，进一步提高我省青少年田径、自行车、击剑、铁人三项等项目训练水平，培养高原人才，争取为云南、为中国输出更多的优秀运动员人才，开展云南省裁判员培训班、业余体校教练员培训班；工程建设方面，在2025年完成基地中心配电系统改造、运动员公寓及训练场馆附属设施改造两个项目，货物采购方面完成运动员生活物资购置一个项目，打造云南高原训练基地建设。","满意度指标","服务对象满意度","受益人群满意度",">=","90","%","定量指标","调查人群中对设施建设或设施运行的满意度。\n受益人群覆盖率=（调查人群中对设施建设或设施运行的人数/问卷调查人数）*100%"]
["呈贡基地体彩公益金专项经费","体彩公益金支出专项资金是为了确保我省运动队2025年外出训练和比赛，对重点运动员实行运动营养品保障，为备战全运会提供器材支持，通过外聘教练来提升运动队的竞技水平，为省级运动队培养高水平后备人才，促进我省业余训练的业务和管理工作发展，进一步提高我省青少年田径、自行车、击剑、铁人三项等项目训练水平，培养高原人才，争取为云南、为中国输出更多的优秀运动员人才，开展云南省裁判员培训班、业余体校教练员培训班；工程建设方面，在2025年完成基地中心配电系统改造、运动员公寓及训练场馆附属设施改造两个项目，货物采购方面完成运动员生活物资购置一个项目，打造云南高原训练基地建设。","满意度指标","服务对象满意度","参训运动员教练员裁判员满意度",">=","90","%","定量指标","参训运动员、教练员、裁判员的满意度=对该项目满意的运动员人数与运动员总人数的比值"]

{"sheet":"单位政府性基金预算支出预算表06","index":9,"n_rows":11,"n_cols":6,"rows_kept":11,"merged":[[1,0,1,5],[3,0,4,0],[3,1,4,1],[3,2,4,2],[3,3,3,5],[10,0,10,2]]}
[{"$nulls":5},"预算06表"]
["2025年单位政府性基金预算支出预算表"]
[{"$f":"\"单位名称：\"&\"云南省呈贡体育训练基地\"","v":"单位名称：云南省呈贡体育训练基地"},{"$nulls":4},"单位:元"]
["单位名称","科目编码","科目名称","政府性基金预算支出"]
[{"$nulls":3},"合计","基本支出","项目支出"]
[1,2,3,4,5,6]
["云南省呈贡体育训练基地","229","其他支出",{"v":39462402.18,"d":"39,462,402.18"},null,{"v":39462402.18,"d":"39,462,402.18"}]
["云南省呈贡体育训练基地","22960","彩票公益金安排的支出",{"v":39462402.18,"d":"39,462,402.18"},null,{"v":39462402.18,"d":"39,462,402.18"}]
["云南省呈贡体育训练基地","2296003","用于体育事业的彩票公益金支出",{"v":38552402.18,"d":"38,552,402.18"},null,{"v":38552402.18,"d":"38,552,402.18"}]
["云南省呈贡体育训练基地","2296006","用于残疾人事业的彩票公益金支出",{"v":910000,"d":"910,000.00"},null,{"v":910000,"d":"910,000.00"}]
["合  计",null,"合  计",{"v":39462402.18,"d":"39,462,402.18"},null,{"v":39462402.18,"d":"39,462,402.18"}]

{"sheet":"单位政府采购预算表07","index":10,"n_rows":29,"n_cols":17,"rows_kept":29,"merged":[[1,0,1,16],[2,0,2,5],[3,0,5,0],[3,1,5,1],[3,2,5,2],[3,3,5,3],[3,4,5,4],[3,5,5,5],[3,6,3,16],[4,6,5,6],[4,7,5,7],[4,8,5,8],[4,9,5,9],[4,10,5,10],[4,11,4,16],[28,0,28,4]]}
[{"$nulls":16},"预算07表"]
["2025年单位政府采购预算表"]
[{"$f":"\"单位名称：\"&\"云南省呈贡体育训练基地\"","v":"单位名称：云南省呈贡体育训练基地"},{"$nulls":15},"单位：元"]
["预算项目","采购项目","采购目录","计量\n单位","数量","面向中小企业预留资金","资金来源"]
[{"$nulls":6},"合计","一般公共预算","政府性\n基金","国有资本经营收益","财政专户管理的收入","单位自筹"]
[{"$nulls":7},"小计",{"$nulls":3},"小计","事业收入","事业单位\n经营收入","上级补助收入","附属单位上缴收入","其他收入"]
[1,2,3,4,5,6,7,8,9,10,11,12,13,14,15,16,17]
["云南省呈贡体育训练基地",{"$nulls":4},{"v":5200000,"d":"5,200,000.00"},{"v":21213900,"d":"21,213,900.00"},{"v":1708900,"d":"1,708,900.00"},{"v":19505000,"d":"19,505,000.00"}]
["公车购置及运维费","机动车加油服务","C23120302 车辆加油、添加燃料服务","项",1,null,{"v":55000,"d":"55,000.00"},{"v":55000,"d":"55,000.00"}]
["公车购置及运维费","机动车维修服务","C23120301 车辆维修和保养服务","项",1,null,{"v":135500,"d":"135,500.00"},{"v":135500,"d":"135,500.00"}]
["公车购置及运维费","机动车保险服务","C1804010201 机动车保险服务","项",1,null,{"v":24400,"d":"24,400.00"},{"v":24400,"d":"24,400.00"}]
["公车购置及运维费","机动车保险服务（云AEB199交强险）","C1804010201 机动车保险服务","项",1,null,{"v":600,"d":"600.00"},{"v":600,"d":"600.00"}]
["一般公用经费","便携式电脑","A02010108 便携式计算机","台",6,null,{"v":54000,"d":"54,000.00"},{"v":54000,"d":"54,000.00"}]
["一般公用经费","食堂餐饮服务采购","C22040000 餐饮服务","项",1,{"v":900000,"d":"900,000.00"},{"v":900000,"d":"900,000.00"},{"v":900000,"d":"900,000.00"}]
["一般公用经费","多功能一体机","A02020400 多功能一体机","台",2,null,{"v":6000,"d":"6,000.00"},{"v":6000,"d":"6,000.00"}]
["一般公用经费","普通黑白复印机","A02020100 复印机","台",2,null,{"v":40000,"d":"40,000.00"},{"v":40000,"d":"40,000.00"}]
["一般公用经费","复印纸","A05040101 复印纸","项",1,null,{"v":24000,"d":"24,000.00"},{"v":24000,"d":"24,000.00"}]
["一般公用经费","空调机","A02061804 空调机","台",1,null,{"v":10000,"d":"10,000.00"},{"v":10000,"d":"10,000.00"}]
["一般公用经费","条码标签打印机","A02021099 其他打印机","台",1,null,{"v":7400,"d":"7,400.00"},{"v":7400,"d":"7,400.00"}]
["一般公用经费","碎纸机","A02021301 碎纸机","台",6,null,{"v":6000,"d":"6,000.00"},{"v":6000,"d":"6,000.00"}]
["一般公用经费","台式电脑","A02010105 台式计算机","台",11,null,{"v":66000,"d":"66,000.00"},{"v":66000,"d":"66,000.00"}]
["一般公用经费","文件柜","A05010502 文件柜","个",20,{"v":20000,"d":"20,000.00"},{"v":20000,"d":"20,000.00"},{"v":20000,"d":"20,000.00"}]
["一般公用经费","卫生保洁服务采购","C21040001 物业管理服务","项",1,{"v":360000,"d":"360,000.00"},{"v":360000,"d":"360,000.00"},{"v":360000,"d":"360,000.00"}]
["呈贡基地体彩公益金专项经费","综合训练馆塑胶地板及附属设施项目","B06990000 其他安装","项",1,{"v":1960000,"d":"1,960,000.00"},{"v":1960000,"d":"1,960,000.00"},null,{"v":1960000,"d":"1,960,000.00"}]
["呈贡基地体彩公益金专项经费","运动员公寓及训练场馆附属设施改造","B08990000 其他建筑物、构筑物修缮","项",1,{"v":1960000,"d":"1,960,000.00"},{"v":1960000,"d":"1,960,000.00"},null,{"v":1960000,"d":"1,960,000.00"}]
["呈贡基地体彩公益金专项经费",null,"A02469900 其他体育设备设施","项",1,null,{"v":3956010,"d":"3,956,010.00"},null,{"v":3956010,"d":"3,956,010.00"}]
["呈贡基地体彩公益金专项经费","备战第十五届全国运动会专项经费购买体育器材专用设备","A02469900 其他体育设备设施","项",1,null,{"v":9128990,"d":"9,128,990.00"},null,{"v":9128990,"d":"9,128,990.00"}]
["呈贡基地体彩公益金专项经费","重点运动员营养专项经费购买运动营养品","A07060208 营养、保健食品","项",1,null,{"v":2500000,"d":"2,500,000.00"},null,{"v":2500000,"d":"2,500,000.00"}]
["合  计",{"$nulls":4},{"v":5200000,"d":"5,200,000.00"},{"v":21213900,"d":"21,213,900.00"},{"v":1708900,"d":"1,708,900.00"},{"v":19505000,"d":"19,505,000.00"}]

{"sheet":"单位政府购买服务预算表08","index":11,"n_rows":11,"n_cols":14,"rows_kept":11,"merged":[[1,0,1,13],[2,0,2,2],[3,0,5,0],[3,1,5,1],[3,2,5,2],[3,3,3,13],[4,3,5,3],[4,4,5,4],[4,5,5,5],[4,6,5,6],[4,7,5,7],[4,8,4,13],[9,0,9,2]]}
[{"$nulls":13},"预算08表"]
["2025年单位政府购买服务预算表"]
[{"$f":"\"单位名称：\"&\"云南省呈贡体育训练基地\"","v":"单位名称：云南省呈贡体育训练基地"},{"$nulls":12},"单位：元"]
["预算项目","政府购买服务项目","政府购买服务目录","资金来源"]
[{"$nulls":3},"合计","一般公共预算","政府性\n基金","国有资本经营收益","财政专户管理的收入","单位自筹"]
[{"$nulls":8},"小计","事业收入","事业单位\n经营收入","上级补助收入","附属单位上缴收入","其他收入"]
[1,2,3,4,5,6,7,8,9,10,11,12,13,14]
[]
[]
["合  计"]
["备注：我单位无政府购买服务预算，故该表数据为空。"]

{"sheet":"省对下转移支付预算表09-1","index":12,"n_rows":9,"n_cols":23,"rows_kept":9,"merged":[[1,0,1,22],[2,0,2,8],[3,0,4,0],[3,1,3,3],[3,4,3,22]]}
[{"$nulls":22},"预算09-1表"]
["2025年省对下转移支付预算表"]
[{"$f":"\"单位名称：\"&\"云南省呈贡体育训练基地\"","v":"单位名称：云南省呈贡体育训练基地"},{"$nulls":21},"单位：元"]
["单位名称（项目）","资金来源",null,null,"地区"]
[null,"合计","一般公共预算","政府性基金","昆明","昭通","曲靖","玉溪","红河","文山","普洱","西双版纳","楚雄","大理","保山","德宏","丽江","怒江","迪庆","临沧","宣威","腾冲","镇雄"]
[1,2,3,4,5,6,7,8,9,10,11,12,13,14,15,16,17,18,19,20,21,22,23]
[]
[]
["备注：我单位无省对下转移支付预算，故该表数据为空。"]

{"sheet":"省对下转移支付绩效目标表09-2","index":13,"n_rows":8,"n_cols":10,"rows_kept":8,"merged":[[1,0,1,9],[2,0,2,7]]}
[{"$nulls":9},"预算09-2表"]
["2025年省对下转移支付绩效目标表"]
[{"$f":"\"单位名称：\"&\"云南省呈贡体育训练基地\"","v":"单位名称：云南省呈贡体育训练基地"}]
["单位名称、项目名称","项目年度绩效目标","一级指标","二级指标","三级指标","指标性质","指标值","度量单位","指标属性","指标内容"]
[1,2,3,4,5,6,7,8,9,10]
[]
[]
["备注：我单位无该项业务，故该表数据为空。"]

{"sheet":"新增资产配置表10","index":14,"n_rows":121,"n_cols":8,"rows_kept":121,"merged":[[1,0,1,7],[3,0,4,0],[3,1,4,1],[3,2,4,2],[3,3,4,3],[3,4,4,4],[3,5,3,7],[120,0,120,4]]}
[{"$nulls":7},"预算10表"]
["2025年新增资产配置表"]
[{"$f":"\"单位名称：\"&\"云南省呈贡体育训练基地\"","v":"单位名称：云南省呈贡体育训练基地"}]
["单位名称","资产类别","资产分类代码.名称","资产名称","计量单位","财政部门批复数（元）"]
[{"$nulls":5},"数量","单价","金额"]
["1","2","3","4","5","6","7","8"]
["云南省呈贡体育训练基地","设备","A02010105 台式计算机","台式计算机","台",11,{"v":6000,"d":"6,000.00"},{"v":66000,"d":"66,000.00"}]
["云南省呈贡体育训练基地","设备","A02010108 便携式计算机","笔记本电脑","台",6,{"v":9000,"d":"9,000.00"},{"v":54000,"d":"54,000.00"}]
["云南省呈贡体育训练基地","设备","A02020100 复印机","复印机","台",2,{"v":20000,"d":"20,000.00"},{"v":40000,"d":"40,000.00"}]
["云南省呈贡体育训练基地","设备","A02020400 多功能一体机","多功能一体机","台",2,{"v":3000,"d":"3,000.00"},{"v":6000,"d":"6,000.00"}]
["云南省呈贡体育训练基地","设备","A02021007 条码打印机","条码打印机","台",1,{"v":7400,"d":"7,400.00"},{"v":7400,"d":"7,400.00"}]
["云南省呈贡体育训练基地","设备","A02021301 碎纸机","碎纸机","台",6,{"v":1000,"d":"1,000.00"},{"v":6000,"d":"6,000.00"}]
["云南省呈贡体育训练基地","设备","A02029900 其他办公设备","录音笔","个",2,{"v":4000,"d":"4,000.00"},{"v":8000,"d":"8,000.00"}]
["云南省呈贡体育训练基地","设备","A02029900 其他办公设备","手持盘点机","台",1,{"v":5500,"d":"5,500.00"},{"v":5500,"d":"5,500.00"}]
["云南省呈贡体育训练基地","设备","A02030701 两轮摩托车","牵引摩托","辆",1,{"v":7400,"d":"7,400.00"},{"v":7400,"d":"7,400.00"}]
["云南省呈贡体育训练基地","设备","A02030801 电动两轮车","训练用电动车","辆",5,{"v":6258,"d":"6,258.00"},{"v":31290,"d":"31,290.00"}]
["云南省呈贡体育训练基地","设备","A02030803 电动多轮车","训练保障用车","辆",1,{"v":65000,"d":"65,000.00"},{"v":65000,"d":"65,000.00"}]
["云南省呈贡体育训练基地","设备","A02030803 电动多轮车","训练保障用电车","辆",1,{"v":58500,"d":"58,500.00"},{"v":58500,"d":"58,500.00"}]
["云南省呈贡体育训练基地","设备","A02052302 冷库制冷设备","冷库设备","台",1,{"v":52000,"d":"52,000.00"},{"v":52000,"d":"52,000.00"}]
["云南省呈贡体育训练基地","设备","A02052303 冷藏箱柜","四门保鲜柜","台",1,{"v":8800,"d":"8,800.00"},{"v":8800,"d":"8,800.00"}]
["云南省呈贡体育训练基地","设备","A02052303 冷藏箱柜","四门冰柜","台",1,{"v":13000,"d":"13,000.00"},{"v":13000,"d":"13,000.00"}]
["云南省呈贡体育训练基地","设备","A02060101 发电机","发电机","台",1,{"v":5000,"d":"5,000.00"},{"v":5000,"d":"5,000.00"}]
["云南省呈贡体育训练基地","设备","A02061804 空调机","空调","台",1,{"v":10000,"d":"10,000.00"},{"v":10000,"d":"10,000.00"}]
["云南省呈贡体育训练基地","设备","A02061807 排烟系统","抽油烟机罩","台",1,{"v":44500,"d":"44,500.00"},{"v":44500,"d":"44,500.00"}]
["云南省呈贡体育训练基地","设备","A02061816 烹调电器","打蛋机","台",1,{"v":3700,"d":"3,700.00"},{"v":3700,"d":"3,700.00"}]
["云南省呈贡体育训练基地","设备","A02061816 烹调电器","发酵箱","台",1,{"v":5500,"d":"5,500.00"},{"v":5500,"d":"5,500.00"}]
["云南省呈贡体育训练基地","设备","A02061816 烹调电器","和面机","台",1,{"v":6000,"d":"6,000.00"},{"v":6000,"d":"6,000.00"}]
["云南省呈贡体育训练基地","设备","A02061816 烹调电器","绞肉机","台",2,{"v":4500,"d":"4,500.00"},{"v":9000,"d":"9,000.00"}]
["云南省呈贡体育训练基地","设备","A02061816 烹调电器","三层烤箱","台",1,{"v":9300,"d":"9,300.00"},{"v":9300,"d":"9,300.00"}]
["云南省呈贡体育训练基地","设备","A02061816 烹调电器","双眼电磁灶","台",1,{"v":17500,"d":"17,500.00"},{"v":17500,"d":"17,500.00"}]
["云南省呈贡体育训练基地","设备","A02061816 烹调电器","四眼炖汤灶","台",1,{"v":3800,"d":"3,800.00"},{"v":3800,"d":"3,800.00"}]
["云南省呈贡体育训练基地","设备","A02061816 烹调电器","压面机","台",1,{"v":4000,"d":"4,000.00"},{"v":4000,"d":"4,000.00"}]
["云南省呈贡体育训练基地","设备","A02061899 其他生活用电器","净水设备","台",14,{"v":7800,"d":"7,800.00"},{"v":109200,"d":"109,200.00"}]
["云南省呈贡体育训练基地","设备","A02240500 食品蒸煮机械","蒸饭箱","个",1,{"v":9000,"d":"9,000.00"},{"v":9000,"d":"9,000.00"}]
["云南省呈贡体育训练基地","设备","A02460100 田赛设备","比赛海绵包","张",1,{"v":51600,"d":"51,600.00"},{"v":51600,"d":"51,600.00"}]
["云南省呈贡体育训练基地","设备","A02460100 田赛设备","海绵垫底","副",1,{"v":8900,"d":"8,900.00"},{"v":8900,"d":"8,900.00"}]
["云南省呈贡体育训练基地","设备","A02460200 径赛设备","多功能牵引训练器","台",1,{"v":42000,"d":"42,000.00"},{"v":42000,"d":"42,000.00"}]
["云南省呈贡体育训练基地","设备","A02460200 径赛设备","激光计时器","套",1,{"v":3200,"d":"3,200.00"},{"v":3200,"d":"3,200.00"}]
["云南省呈贡体育训练基地","设备","A02460200 径赛设备","秒表","块",14,{"v":3190,"d":"3,190.00"},{"v":44660,"d":"44,660.00"}]
["云南省呈贡体育训练基地","设备","A02460200 径赛设备","太阳镜","副",88,{"v":1790,"d":"1,790.00"},{"v":157520,"d":"157,520.00"}]
["云南省呈贡体育训练基地","设备","A02461600 自行车运动设备","CRW D55公路碟刹轮组","组",10,{"v":7480,"d":"7,480.00"},{"v":74800,"d":"74,800.00"}]
["云南省呈贡体育训练基地","设备","A02461600 自行车运动设备","FOX 32前叉","支",10,{"v":7800,"d":"7,800.00"},{"v":78000,"d":"78,000.00"}]
["云南省呈贡体育训练基地","设备","A02461600 自行车运动设备","TT比赛轮","组",1,{"v":15500,"d":"15,500.00"},{"v":15500,"d":"15,500.00"}]
["云南省呈贡体育训练基地","设备","A02461600 自行车运动设备","把立","个",6,{"v":1500,"d":"1,500.00"},{"v":9000,"d":"9,000.00"}]
["云南省呈贡体育训练基地","设备","A02461600 自行车运动设备","比赛轮","组",3,{"v":82000,"d":"82,000.00"},{"v":246000,"d":"246,000.00"}]
["云南省呈贡体育训练基地","设备","A02461600 自行车运动设备","比赛头盔","顶",8,{"v":9800,"d":"9,800.00"},{"v":78400,"d":"78,400.00"}]
["云南省呈贡体育训练基地","设备","A02461600 自行车运动设备","场地比赛五叉前轮","个",2,{"v":29800,"d":"29,800.00"},{"v":59600,"d":"59,600.00"}]
["云南省呈贡体育训练基地","设备","A02461600 自行车运动设备","场地车车座","个",29,{"v":1500,"d":"1,500.00"},{"v":43500,"d":"43,500.00"}]
["云南省呈贡体育训练基地","设备","A02461600 自行车运动设备","场地牙盘","个",10,{"v":3680,"d":"3,680.00"},{"v":36800,"d":"36,800.00"}]
["云南省呈贡体育训练基地","设备","A02461600 自行车运动设备","场地整车","辆",2,{"v":190000,"d":"190,000.00"},{"v":380000,"d":"380,000.00"}]
["云南省呈贡体育训练基地","设备","A02461600 自行车运动设备","场地自行车","辆",4,{"v":238000,"d":"238,000.00"},{"v":952000,"d":"952,000.00"}]
["云南省呈贡体育训练基地","设备","A02461600 自行车运动设备","大组整车","辆",6,{"v":106500,"d":"106,500.00"},{"v":639000,"d":"639,000.00"}]
["云南省呈贡体育训练基地","设备","A02461600 自行车运动设备","飞轮","个",10,{"v":2100,"d":"2,100.00"},{"v":21000,"d":"21,000.00"}]
["云南省呈贡体育训练基地","设备","A02461600 自行车运动设备","功率计踏板","副",20,{"v":8480,"d":"8,480.00"},{"v":169600,"d":"169,600.00"}]
["云南省呈贡体育训练基地","设备","A02461600 自行车运动设备","公路车","辆",3,{"v":109500,"d":"109,500.00"},{"v":328500,"d":"328,500.00"}]
["云南省呈贡体育训练基地","设备","A02461600 自行车运动设备","公路车","辆",8,{"v":95800,"d":"95,800.00"},{"v":766400,"d":"766,400.00"}]
["云南省呈贡体育训练基地","设备","A02461600 自行车运动设备","公路车车座","个",15,{"v":1500,"d":"1,500.00"},{"v":22500,"d":"22,500.00"}]
["云南省呈贡体育训练基地","设备","A02461600 自行车运动设备","公路轮后 12速飞轮","个",20,{"v":2300,"d":"2,300.00"},{"v":46000,"d":"46,000.00"}]
["云南省呈贡体育训练基地","设备","A02461600 自行车运动设备","后变速","副",10,{"v":4150,"d":"4,150.00"},{"v":41500,"d":"41,500.00"}]
["云南省呈贡体育训练基地","设备","A02461600 自行车运动设备","计时车","辆",5,{"v":89800,"d":"89,800.00"},{"v":449000,"d":"449,000.00"}]
["云南省呈贡体育训练基地","设备","A02461600 自行车运动设备","计时车整车","辆",3,{"v":241000,"d":"241,000.00"},{"v":723000,"d":"723,000.00"}]
["云南省呈贡体育训练基地","设备","A02461600 自行车运动设备","脚踏","副",10,{"v":2200,"d":"2,200.00"},{"v":22000,"d":"22,000.00"}]
["云南省呈贡体育训练基地","设备","A02461600 自行车运动设备","轮组","副",5,{"v":18800,"d":"18,800.00"},{"v":94000,"d":"94,000.00"}]
["云南省呈贡体育训练基地","设备","A02461600 自行车运动设备","骑行鞋","双",12,{"v":3850,"d":"3,850.00"},{"v":46200,"d":"46,200.00"}]
["云南省呈贡体育训练基地","设备","A02461600 自行车运动设备","骑行眼镜","副",22,{"v":2950,"d":"2,950.00"},{"v":64900,"d":"64,900.00"}]
["云南省呈贡体育训练基地","设备","A02461600 自行车运动设备","前变速","副",10,{"v":1600,"d":"1,600.00"},{"v":16000,"d":"16,000.00"}]
["云南省呈贡体育训练基地","设备","A02461600 自行车运动设备","山地车","辆",4,{"v":108500,"d":"108,500.00"},{"v":434000,"d":"434,000.00"}]
["云南省呈贡体育训练基地","设备","A02461600 自行车运动设备","山地车","辆",4,{"v":98500,"d":"98,500.00"},{"v":394000,"d":"394,000.00"}]
["云南省呈贡体育训练基地","设备","A02461600 自行车运动设备","山地套件","套",5,{"v":20900,"d":"20,900.00"},{"v":104500,"d":"104,500.00"}]
["云南省呈贡体育训练基地","设备","A02461600 自行车运动设备","山地自行车","辆",6,{"v":79800,"d":"79,800.00"},{"v":478800,"d":"478,800.00"}]
["云南省呈贡体育训练基地","设备","A02461600 自行车运动设备","山地自行车","辆",6,{"v":69800,"d":"69,800.00"},{"v":418800,"d":"418,800.00"}]
["云南省呈贡体育训练基地","设备","A02461600 自行车运动设备","锁鞋","双",22,{"v":3280,"d":"3,280.00"},{"v":72160,"d":"72,160.00"}]
["云南省呈贡体育训练基地","设备","A02461600 自行车运动设备","套件","套",5,{"v":19800,"d":"19,800.00"},{"v":99000,"d":"99,000.00"}]
["云南省呈贡体育训练基地","设备","A02461600 自行车运动设备","头盔","顶",22,{"v":2990,"d":"2,990.00"},{"v":65780,"d":"65,780.00"}]
["云南省呈贡体育训练基地","设备","A02461600 自行车运动设备","训练头盔","顶",1,{"v":3150,"d":"3,150.00"},{"v":3150,"d":"3,150.00"}]
["云南省呈贡体育训练基地","设备","A02461600 自行车运动设备","训练头盔","顶",12,{"v":2450,"d":"2,450.00"},{"v":29400,"d":"29,400.00"}]
["云南省呈贡体育训练基地","设备","A02461600 自行车运动设备","折叠挂车架","个",2,{"v":1000,"d":"1,000.00"},{"v":2000,"d":"2,000.00"}]
["云南省呈贡体育训练基地","设备","A02461600 自行车运动设备","智能骑行台","台",16,{"v":15900,"d":"15,900.00"},{"v":254400,"d":"254,400.00"}]
["云南省呈贡体育训练基地","设备","A02462700 运动康复设备","恢复管理系统","套",2,{"v":100000,"d":"100,000.00"},{"v":200000,"d":"200,000.00"}]
["云南省呈贡体育训练基地","设备","A02462900 体育运动辅助设备","摆腿训练器","台",2,{"v":8600,"d":"8,600.00"},{"v":17200,"d":"17,200.00"}]
["云南省呈贡体育训练基地","设备","A02462900 体育运动辅助设备","气阻后蹬腿训练器","台",2,{"v":20000,"d":"20,000.00"},{"v":40000,"d":"40,000.00"}]
["云南省呈贡体育训练基地","设备","A02462900 体育运动辅助设备","气阻深蹲训练器","台",2,{"v":20000,"d":"20,000.00"},{"v":40000,"d":"40,000.00"}]
["云南省呈贡体育训练基地","设备","A02462900 体育运动辅助设备","商用跑步机","台",10,{"v":48200,"d":"48,200.00"},{"v":482000,"d":"482,000.00"}]
["云南省呈贡体育训练基地","设备","A02462900 体育运动辅助设备","跳高踏板","块",2,{"v":2200,"d":"2,200.00"},{"v":4400,"d":"4,400.00"}]
["云南省呈贡体育训练基地","设备","A02462900 体育运动辅助设备","运动手表","块",22,{"v":3890,"d":"3,890.00"},{"v":85580,"d":"85,580.00"}]
["云南省呈贡体育训练基地","设备","A02463000 体育设备零部件","安卓模组","套",3,{"v":13860,"d":"13,860.00"},{"v":41580,"d":"41,580.00"}]
["云南省呈贡体育训练基地","设备","A02463000 体育设备零部件","变频器","个",3,{"v":5190,"d":"5,190.00"},{"v":15570,"d":"15,570.00"}]
["云南省呈贡体育训练基地","设备","A02469900 其他体育设备设施","深沉肌肉按摩仪","个",2,{"v":3450,"d":"3,450.00"},{"v":6900,"d":"6,900.00"}]
["云南省呈贡体育训练基地","设备","A02469900 其他体育设备设施","专业举重杠铃","套",2,{"v":35000,"d":"35,000.00"},{"v":70000,"d":"70,000.00"}]
["云南省呈贡体育训练基地","家具和用品","A05010199 其他床类","床","张",502,{"v":1060,"d":"1,060.00"},{"v":532120,"d":"532,120.00"}]
["云南省呈贡体育训练基地","家具和用品","A05010399 其他椅凳类","餐椅","把",430,{"v":350,"d":"350.00"},{"v":150500,"d":"150,500.00"}]
["云南省呈贡体育训练基地","家具和用品","A05010399 其他椅凳类","椅子","把",500,{"v":416,"d":"416.00"},{"v":208000,"d":"208,000.00"}]
["云南省呈贡体育训练基地","家具和用品","A05010502 文件柜","文件柜","个",20,{"v":1000,"d":"1,000.00"},{"v":20000,"d":"20,000.00"}]
["云南省呈贡体育训练基地","家具和用品","A05010503 更衣柜","衣柜","个",251,{"v":1600,"d":"1,600.00"},{"v":401600,"d":"401,600.00"}]
["云南省呈贡体育训练基地","家具和用品","A05010599 其他柜类","储物柜","台",2,{"v":3900,"d":"3,900.00"},{"v":7800,"d":"7,800.00"}]
["云南省呈贡体育训练基地","家具和用品","A05010599 其他柜类","打荷操作柜","台",3,{"v":2100,"d":"2,100.00"},{"v":6300,"d":"6,300.00"}]
["云南省呈贡体育训练基地","家具和用品","A05010599 其他柜类","消毒柜","台",2,{"v":1480,"d":"1,480.00"},{"v":2960,"d":"2,960.00"}]
["云南省呈贡体育训练基地","家具和用品","A05010602 金属质架类","货架","个",8,{"v":1000,"d":"1,000.00"},{"v":8000,"d":"8,000.00"}]
["云南省呈贡体育训练基地","家具和用品","A05019900 其他家具","餐桌","张",43,{"v":1400,"d":"1,400.00"},{"v":60200,"d":"60,200.00"}]
["云南省呈贡体育训练基地","家具和用品","A05019900 其他家具","书桌","张",251,{"v":700,"d":"700.00"},{"v":175700,"d":"175,700.00"}]
["云南省呈贡体育训练基地","家具和用品","A05020101 厨房操作台","厨房切配工作台","张",4,{"v":2380,"d":"2,380.00"},{"v":9520,"d":"9,520.00"}]
["云南省呈贡体育训练基地","家具和用品","A05020101 厨房操作台","厨房切配工作台","张",6,{"v":1950,"d":"1,950.00"},{"v":11700,"d":"11,700.00"}]
["云南省呈贡体育训练基地","家具和用品","A05020101 厨房操作台","工作操作台","台",3,{"v":1750,"d":"1,750.00"},{"v":5250,"d":"5,250.00"}]
["云南省呈贡体育训练基地","家具和用品","A05020101 厨房操作台","工作台","台",3,{"v":1450,"d":"1,450.00"},{"v":4350,"d":"4,350.00"}]
["云南省呈贡体育训练基地","家具和用品","A05020101 厨房操作台","切配操作柜","台",3,{"v":1950,"d":"1,950.00"},{"v":5850,"d":"5,850.00"}]
["云南省呈贡体育训练基地","家具和用品","A05020104 水池","洗菜池","台",2,{"v":1700,"d":"1,700.00"},{"v":3400,"d":"3,400.00"}]
["云南省呈贡体育训练基地","家具和用品","A05020104 水池","洗碗池","台",2,{"v":1700,"d":"1,700.00"},{"v":3400,"d":"3,400.00"}]
["云南省呈贡体育训练基地","家具和用品","A05020199 其他厨卫用具","不锈钢烟管","米",65,{"v":1200,"d":"1,200.00"},{"v":78000,"d":"78,000.00"}]
["云南省呈贡体育训练基地","家具和用品","A05020199 其他厨卫用具","大双眼炒灶","台",1,{"v":7300,"d":"7,300.00"},{"v":7300,"d":"7,300.00"}]
["云南省呈贡体育训练基地","家具和用品","A05020199 其他厨卫用具","单眼电磁灶","台",1,{"v":10500,"d":"10,500.00"},{"v":10500,"d":"10,500.00"}]
["云南省呈贡体育训练基地","家具和用品","A05020199 其他厨卫用具","全自动切片机","台",1,{"v":4700,"d":"4,700.00"},{"v":4700,"d":"4,700.00"}]
["云南省呈贡体育训练基地","家具和用品","A05020199 其他厨卫用具","三层货架","台",3,{"v":1150,"d":"1,150.00"},{"v":3450,"d":"3,450.00"}]
["云南省呈贡体育训练基地","家具和用品","A05020199 其他厨卫用具","蒸饭箱","个",2,{"v":9000,"d":"9,000.00"},{"v":18000,"d":"18,000.00"}]
["云南省呈贡体育训练基地","家具和用品","A05020199 其他厨卫用具","中双眼炒灶","台",2,{"v":6500,"d":"6,500.00"},{"v":13000,"d":"13,000.00"}]
["云南省呈贡体育训练基地","家具和用品","A05020199 其他厨卫用具","煮面炉","台",3,{"v":1200,"d":"1,200.00"},{"v":3600,"d":"3,600.00"}]
["云南省呈贡体育训练基地","家具和用品","A05029900 其他用具","粗加工菜架三层","台",3,{"v":1150,"d":"1,150.00"},{"v":3450,"d":"3,450.00"}]
["云南省呈贡体育训练基地","家具和用品","A05029900 其他用具","晾衣杆","米",{"v":2259,"d":"2,259"},{"v":25,"d":"25.00"},{"v":56475,"d":"56,475.00"}]
["云南省呈贡体育训练基地","家具和用品","A05030505 窗帘及类似品","窗帘及窗帘杆","平方米",{"v":7111,"d":"7,111"},{"v":30,"d":"30.00"},{"v":213330,"d":"213,330.00"}]
["云南省呈贡体育训练基地","家具和用品","A05030599 其他室内装具","公寓用布草","套",500,{"v":500,"d":"500.00"},{"v":250000,"d":"250,000.00"}]
["云南省呈贡体育训练基地","无形资产","A08060303 应用软件","资产管理系统","套",1,{"v":3000,"d":"3,000.00"},{"v":3000,"d":"3,000.00"}]
["合计",{"$nulls":4},{"v":12563,"d":"12,563"},null,{"v":12037145,"d":"12,037,145.00"}]

{"sheet":"中央转移支付补助项目支出预算表11","index":15,"n_rows":11,"n_cols":11,"rows_kept":11,"merged":[[1,0,1,10],[2,0,2,6],[3,0,5,0],[3,1,5,1],[3,2,5,2],[3,3,5,3],[3,4,5,4],[3,5,5,5],[3,6,5,6],[3,7,5,7],[3,8,3,10],[4,8,5,8],[4,9,5,9],[4,10,5,10],[9,0,9,6]]}
[{"$nulls":10},"预算11表"]
["2025年中央转移支付补助项目支出预算表"]
[{"$f":"\"单位名称：\"&\"云南省呈贡体育训练基地\"","v":"单位名称：云南省呈贡体育训练基地"},{"$nulls":9},"单位：元"]
["项目分类","项目名称","项目单位","功能科目编码","功能科目名称","经济科目编码","经济科目名称","合计","上级补助"]
[{"$nulls":8},"一般公共预算","政府性基金预算","国有资本经营预算"]
[{"$nulls":8},"小计"]
[1,2,3,4,5,6,7,8,9,10,11]
[]
[]
["合  计"]
["备注：我单位无中央转移支付补助项目支出预算，故该表数据为空。"]

{"sheet":"单位项目中期规划预算表12","index":16,"n_rows":13,"n_cols":7,"rows_kept":13,"merged":[[1,0,1,6],[2,0,2,3],[3,0,5,0],[3,1,5,1],[3,2,5,2],[3,3,5,3],[3,4,3,6],[4,4,5,4],[4,5,5,5],[4,6,5,6],[12,0,12,3]]}
[{"$nulls":6},"预算12表"]
["2025年单位项目支出中期规划预算表"]
[{"$f":"\"单位名称：\"&\"云南省呈贡体育训练基地\"","v":"单位名称：云南省呈贡体育训练基地"},{"$nulls":5},"单位：元"]
["项目单位","项目分类","项目名称","项目级次","一般公共预算"]
[{"$nulls":4},"2025年","2026年","2027年"]
[{"$nulls":5},"小计"]
[1,2,3,4,5,6,7]
["云南省呈贡体育训练基地",{"$nulls":3},{"v":17183519,"d":"17,183,519.00"},{"v":22349100,"d":"22,349,100.00"},{"v":22473800,"d":"22,473,800.00"}]
[null,"312 民生类","退役运动员一次性退役费专项资金","本级",{"v":79623,"d":"79,623.00"},{"v":27600,"d":"27,600.00"},{"v":45900,"d":"45,900.00"}]
[null,"312 民生类","退役运动员自主择业经济补偿专项经费","本级",{"v":6973796,"d":"6,973,796.00"},{"v":411500,"d":"411,500.00"},{"v":517900,"d":"517,900.00"}]
[null,"312 民生类","其他人员支出","本级",{"v":1393000,"d":"1,393,000.00"},{"v":1393000,"d":"1,393,000.00"},{"v":1393000,"d":"1,393,000.00"}]
[null,"313 事业发展类","体育场馆运营专项资金","本级",{"v":8737100,"d":"8,737,100.00"},{"v":20517000,"d":"20,517,000.00"},{"v":20517000,"d":"20,517,000.00"}]
["合计","",null,null,{"v":17183519,"d":"17,183,519.00"},{"v":22349100,"d":"22,349,100.00"},{"v":22473800,"d":"22,473,800.00"}]